{"text_format":"2","workbook":"xlsx","n_sheets":3,"sheets":["UEM","UBF","CPU"],"not_rendered":{"charts":0,"images":1,"macros":0,"external_links":2,"defined_names":6,"comments":0,"pivot_tables":0},"unopened":[],"bounds":{"document_bytes":16777216,"sheet_cells":100000,"run_cost":"one","rows_first":2000,"rows_last":500,"rows_between":2000,"halvings":0,"cell_chars":16384,"cell_head_chars":4096},"cells_cut":0,"cells_raw":0,"read":"whole","date_system":"1900"}

{"sheet":"UEM","index":0,"n_rows":116,"n_cols":15,"rows_kept":116,"cut":false,"hidden":false,"merged":[[116,0,116,8],[33,3,33,7],[35,3,35,7],[39,3,39,7],[42,3,42,7],[47,3,47,7],[53,3,53,7],[27,3,27,7],[5,0,5,8],[6,0,7,0],[6,1,7,1],[6,2,7,2],[6,3,7,3],[6,4,7,4],[6,5,7,5],[6,6,6,8],[9,3,9,7],[11,3,11,7],[14,3,14,7],[20,3,20,7],[25,3,25,7],[0,0,0,8],[1,0,1,8],[2,0,2,8],[3,0,4,6],[3,7,3,8],[4,7,4,8]]}
["MINISTÉRIO DA INTEGRAÇÃO E DO DESENVOLVIMENTO REGIONAL",{"$nulls":8},"BDI serviç",1.2591000000000001]
["COMPANHIA DE DESENVOLVIMENTO DOS VALES DO SÃO FRANCISCO E DO PARNAÍBA",{"$nulls":8},"BDI fornec.",1.1359999999999999]
["SEDE"]
["PLANILHA ORÇAMENTÁRIA DE ESTIMATIVA GERAL PARA O ESTADO DO CEARÁ",{"$nulls":6},"Base SINAPI-CE 03/2025       ORSE 02/2025"]
[{"$nulls":7},"Data: Maio/2025"]
[]
["Item","Base        ","Código        ","Descrição","Unid.","Quant.","Valor (R$)"]
[{"$nulls":6},"Unit. (sem BDI)","Unit. (com BDI)","Total"]
[]
[9,null,null,"UNIDADE DE EXTRAÇÃO DE MEL",{"$nulls":4},{"$f":"SUM(I12,I15,I21,I28,I34,I36,I40,I43,I48,I54)","v":255782.05000000002}]
[]
["9.1",null,null,"SERVIÇOS PRELIMINARES",{"$nulls":4},{"$f":"SUM(I13:I14)","v":538.06000000000006}]
["9.2","sinapi",105009,{"$f":"[1]CPU!$A$91","v":"LOCAÇÃO DE OBRAS"},{"$f":"[1]CPU!$I$91","v":"m²"},{"$f":"(7.89*2+9.6*2)","v":34.979999999999997},{"$f":"J13","v":10.75},{"$f":"(G13*K$1)","v":13.535325},{"$f":"ROUND(F13*H13,2)","v":473.47},10.75]
["9.3","Sinapi",98525,"LIMPEZA MECANIZADA DE CAMADA VEGETAL, VEGETAÇÃO E PEQUENAS ÁRVORES (DIÂMETRO DE TRONCO MENOR QUE 0,20 M), COM TRATOR DE ESTEIRAS.","m²",{"$f":"9.56*7.891","v":75.437960000000004},{"$f":"J14","v":0.68},{"$f":"(G14*K$1)","v":0.85618800000000017},{"$f":"ROUND(F14*H14,2)","v":64.59},0.68]
["9.4",null,null,"MOVIMENTO DE TERRA",{"$nulls":4},{"$f":"SUM(I16:I20)","v":2190.1799999999998},{"$f":"G15","v":0}]
["9.5","Sinapi",101230,"ESCAVAÇÃO VERTICAL A CÉU ABERTO, EM OBRAS DE INFRAESTRUTURA, INCLUINDO CARGA, DESCARGA E TRANSPORTE, EM SOLO DE 1ª CATEGORIA COM ESCAVADEIRA HIDRÁULICA (CAÇAMBA: 0,8 M³ / 111 HP)","m³",{"$f":"45.5+1.92+4.32+3","v":54.74},{"$f":"J16","v":11.88},{"$f":"(G16*K$1)","v":14.958108000000003},{"$f":"ROUND(F16*H16,2)","v":818.81},11.88]
["9.6","Sinapi",100577,"REGULARIZAÇÃO E COMPACTAÇÃO DE SUBLEITO DE SOLO PREDOMINANTEMENTE ARENOSO.","m²",{"$f":"9.6*7.9*0.6","v":45.503999999999998},0.54,{"$f":"(G17*K$1)","v":0.67991400000000013},{"$f":"ROUND(F17*H17,2)","v":30.94},0.54]
["9.7","Sinapi",96385,"EXECUÇÃO E COMPACTAÇÃO DE ATERRO COM SOLO PREDOMINANTEMENTE ARGILOSO - EXCLUSIVE SOLO, ESCAVAÇÃO, CARGA E TRANSPORTE","m³",64.400000000000006,13.28,16.720848,{"$f":"ROUND(F18*H18,2)","v":1076.82},13.28]
["9.8","Sinapi",100574,"ESPALHAMENTO DE MATERIAL COM TRATOR DE ESTEIRAS.","m³",19.05,1.47,1.8508770000000001,{"$f":"ROUND(F19*H19,2)","v":35.26},1.47]
["9.9","Sinapi",100973,"CARGA, MANOBRA E DESCARGA DE SOLOS E MATERIAIS GRANULARES EM CAMINHÃO BASCULANTE 6 M³ - CARGA COM PÁ CARREGADEIRA (CAÇAMBA DE 1,7 A 2,8 M³ /128 HP) E DESCARGA LIVRE ","m³",19.05,9.52,11.986632,{"$f":"ROUND(F20*H20,2)","v":228.35},9.52]
["9.10",null,null,"FUNDAÇÕES/ ESTRUTURAS DE CONCRETO ARMADO",{"$nulls":4},{"$f":"SUM(I22:I25)","v":5586.33}]
["9.11","Sinapi",92802,"CORTE E DOBRA DE AÇO CA-50, DIÂMETRO DE 8,0 MM","kg",101.6,{"$f":"J22","v":11.24},{"$f":"(G22*K$1)","v":14.152284000000002},{"$f":"ROUND(F22*H22,2)","v":1437.87},11.24]
["9.12","Sinapi",94965,"CONCRETO FCK = 25MPA, TRAÇO 1:2,3:2,7 (CIMENTO/ AREIA MÉDIA/ BRITA 1) - PREPARO MECÂNICO COM BETONEIRA 400 L. ","m³",{"$f":"2.16+1.8","v":3.96},514.09,{"$f":"(G23*K$1)","v":647.29071900000008},{"$f":"ROUND(F23*H23,2)","v":2563.27},514.09]
["9.13","Sinapi",103673,"LANÇAMENTO COM USO DE BOMBA, ADENSAMENTO E ACABAMENTO DE CONCRETO EM ESTRUTURAS. AF_02/2022","m³",3.96,44.59,56.143269000000011,{"$f":"ROUND(F24*H24,2)","v":222.33},44.59]
["9.14","Sinapi",97086,"FABRICAÇÃO, MONTAGEM E DESMONTAGEM DE FORMA PARA RADIER, EM MADEIRA SERRADA, 4 UTILIZAÇÕES.","m²",7.8,138.77000000000001,174.72530700000002,{"$f":"ROUND(F25*H25,2)","v":1362.86},138.77000000000001]
["9.15",null,null,"REVESTIMENTOS",{"$nulls":4},{"$f":"SUM(I27:I27)","v":0},{"$f":"G26","v":0}]
["9.16","Sinapi",98555,"IMPERMEABILIZAÇÃO DE SUPERFÍCIE COM ARGAMASSA POLIMÉRICA / MEMBRANA ACRÍLICA, 3 DEMÃOS.","m²",0,{"$f":"(J27)","v":25.97},{"$f":"(J27*K$1)","v":33.137720000000002},{"$f":"ROUND(F27*H27,2)","v":0},11.89]
["9.17",null,null,"ALVENARIAS, DIVISÓRIAS E FECHAMENTOS",{"$nulls":4},{"$f":"SUM(I29:I33)","v":28003.05},0]
["9.18","CPU","CPU010","REVESTIMENTO DE PAREDES EM CHAPAS DE AÇO INOXIDÁVEL AISI 304  - APENAS INSTALAÇÃO","m²",70.540000000000006,{"$f":"J29","v":47.168000000000006},{"$f":"(G29*K$1)","v":59.389228800000012},{"$f":"ROUND(F29*H29,2)","v":4189.32},{"$f":"CPU!I210","v":47.168000000000006}]
["9.19","ORSE","10280/ORSE","MANTA EM LÃ DE VIDRO","m²",66.278000000000006,15.05,18.880224999999999,1251.3399999999999,15.05]
["9.20","CPU","CPU009","CHAPA XADREZ EM ALUMINIO PARA PISO e:3mm, INCLUSO REBITE PARA FIXAÇÃO - APENAS MÃO DE OBRA","m²",29.9,410.83530000000007,{"$f":"(G31*K$1)","v":517.28272623000009},{"$f":"ROUND(F31*H31,2)","v":15466.75},{"$f":"CPU!I196","v":410.83530000000007}]
["9.21","Sinapi",96486,"FORRO EM RÉGUAS DE PVC, LISO, PARA AMBIENTES COMERCIAIS, INCLUSIVE ESTRUTURA BIDIRECIONAL DE FIXAÇÃO","m²",29.93,80.52,101.382732,{"$f":"ROUND(F32*H32,2)","v":3034.39},80.52]
["9.22","Sinapi",104723,"PAREDE COM SISTEMA EM CHAPAS DE GESSO PARA DRYWALL, USO INTERNO, COM DUAS FACES DUPLAS E ESTRUTURA METÁLICA COM GUIAS DUPLAS PARA PAREDES COM ÁREA LÍQUIDA MENOR QUE 6 M2, COM VÃOS.","m²",12.096,266.66000000000003,335.75160600000004,{"$f":"ROUND(F33*H33,2)","v":4061.25},266.66000000000003]
["9.23",null,null,"PINTURAS",{"$nulls":4},{"$f":"SUM(I35:I35)","v":8394.73},{"$f":"G34","v":0}]
["9.24","Sinapi",100751,"PINTURA COM TINTA EPOXÍDICA DE ACABAMENTO PULVERIZADA SOBRE PERFIL METÁLICO EXECUTADO EM FÁBRICA (02 DEMÃOS).","m²",170.3,{"$f":"J35","v":39.15},{"$f":"(G35*K$1)","v":49.293765},{"$f":"ROUND(F35*H35,2)","v":8394.73},39.15]
["9.25",null,null,"COBERTURAS",{"$nulls":4},{"$f":"SUM(I37:I39)","v":41209.43},0]
["9.26","ORSE","13874/ORSE","ESTRUTURA METALICA P/ COBERTURA DE CRECHE PADRÃO 1 DO PADRÃO FNDE, EM LIGTH STEEL FRAME, COM PERFIS UE70 MONTANTES DE TUBO UE70, INCLUSIVE FORNECIMENTO E MONTAGEM. EXCLUSIVE TELHAS","m²",96,{"$f":"J37","v":113.51},{"$f":"(G37*K$1)","v":142.92044100000001},{"$f":"ROUND(F37*H37,2)","v":13720.36},113.51]
["9.27","Sinapi",94216,"TELHAMENTO COM TELHA METÁLICA TERMOACÚSTICA E = 30 MM, COM ATÉ 2 ÁGUAS, INCLUSO IÇAMENTO","m²",96,{"$f":"J38","v":210.37},{"$f":"(G38*K$1)","v":264.876867},{"$f":"ROUND(F38*H38,2)","v":25428.18},210.37]
["9.28","Sinapi",94228,"CALHA EM CHAPA DE AÇO GALVANIZADO NÚMERO 24, DESENVOLVIMENTO DE 50 CM, INCLUSO TRANSPORTE VERTICAL. AF_07/2019","m",{"$f":"16*1.1","v":17.600000000000001},93,117.09630000000001,{"$f":"ROUND(F39*H39,2)","v":2060.89},93]
["9.29",null,null,"CONSTRUÇÃO CIVIL",{"$nulls":4},{"$f":"SUM(I41:I42)","v":8252.3700000000008}]
["9.30","Sinapi",91341,"PORTA EM ALUMÍNIO DE ABRIR TIPO VENEZIANA COM GUARNIÇÃO, FIXAÇÃO COM PARAFUSOS - FORNECIMENTO E INSTALAÇÃO.","m²",5.04,{"$f":"J41","v":690.03},{"$f":"(J41*K$1)","v":868.81677300000001},{"$f":"ROUND(F41*H41,2)","v":4378.84},690.03]
["9.31","Sinapi",100674,"CAIXILHO FIXO DE ALUMÍNIO PARA VIDRO (VIDRO INCLUSO), BATENTE/ REQUADRO DE 4 A 14 CM, SEM\nGUARNIÇÃO/ ALIZAR, FIXAÇÃO COM PARAFUSOS, VEDAÇÃO COM SILICONE, EXCLUSIVE CONTRAMARCO -\nFORNECIMENTO E INSTALAÇÃO. AF_11/2024","m²",3.75,820.38,{"$f":"(J42*K$1)","v":1032.940458},{"$f":"ROUND(F42*H42,2)","v":3873.53},820.38]
["9.32",null,null,"INSTALAÇÕES PREDIAIS",{"$nulls":4},{"$f":"SUM(I44:I47)","v":14529.89}]
["9.33","CPU","CPU001",{"$f":"[1]CPU!$A$65","v":"EXECUÇÃO DE INSTALAÇÕES HIDROSSANITÁRIAS, EXCLUSIVE EQUIPAMENTOS"},{"$f":"[1]CPU!$I$78","v":"cj"},1,{"$f":"J44","v":3038},{"$f":"(G44*K$1)","v":3825.1458000000002},{"$f":"ROUND(F44*H44,2)","v":3825.15},{"$f":"CPU!I44","v":3038}]
["9.34","SINAPI",98052,"TANQUE SÉPTICO CIRCULAR, EM CONCRETO PRÉ-MOLDADO, DIÂMETRO INTERNO = 1,10 M, ALTURA INTERNA = 2,50 M, VOLUME ÚTIL: 2138,2 L (PARA 5 CONTRIBUINTES).","un",1,2142.4299999999998,{"$f":"(G45*K$1)","v":2697.5336130000001},{"$f":"ROUND(F45*H45,2)","v":2697.53},2142.4299999999998]
["9.35","SINAPI",98062,"SUMIDOURO CIRCULAR, EM CONCRETO PRÉ-MOLDADO, DIÂMETRO INTERNO = 1,88 M, ALTURA INTERNA = 2,00 M, ÁREA DE INFILTRAÇÃO: 13,1 M² (PARA 5 CONTRIBUINTES)","un",1,3177.47,4000.752477,4000.75,3177.47]
["9.36","CPU","CPU002",{"$f":"[1]CPU!$A$78","v":"EXECUÇÃO DE INSTALAÇÕES ELÉTRICAS, EXCLUSIVE EQUIPAMENTOS"},{"$f":"[1]CPU!$I$78","v":"cj"},1,3182,4006.4562000000005,4006.46,{"$f":"CPU!I57","v":3182}]
["9.37",null,null,"SERVIÇOS DIVERSOS",{"$nulls":4},{"$f":"SUM(I49:I53)","v":29297.379999999997}]
["9.38","CPU","CPU003",{"$f":"[1]CPU!$A$140","v":"CORTE DE CONTAINER PARA ESQUADRIAS"},{"$f":"[1]CPU!$I$140","v":"m²"},16.45,{"$f":"J49","v":203.37395000000001},{"$f":"(J49*K$1)","v":256.06814044500004},{"$f":"ROUND(F49*H49,2)","v":4212.32},{"$f":"CPU!I75","v":203.37395000000001}]
["9.39","CPU","CPU004",{"$f":"[1]CPU!$A$182","v":"MODIFICAÇÕES NO CONTAINER COM CORTE POR ESMERILHADEIRA "},{"$f":"[1]CPU!$I$182","v":"m"},58.26,106.82799999999999,{"$f":"(J50*K$1)","v":134.50713479999999},7836.39,{"$f":"CPU!I117","v":106.82799999999999}]
["9.40","CPU","CPU005",{"$f":"[1]CPU!$A$200","v":"MODIFICAÇÕES NO CONTAINER UNIÃO ATRAVÉS DO PROCESSO DE SOLDAGEM, INCLUSO IÇAMENTO DO CONTAINER"},{"$f":"[1]CPU!$I$200","v":"m"},21.9,357.08855599999998,{"$f":"(J51*K$1)","v":449.61020085960001},9846.4599999999991,{"$f":"CPU!I139","v":357.08855599999998}]
["9.41","CPU","CPU011","GUARDA-CORPO DE AÇO CARBONO, MONTANTES TUBULARES DE 1.1/2\" ESPAÇADOS EM 0,75M, ALTURA APROXIMADA DE 0,90M, PREPARADO COM FUNDO E TINTA EPÓXI NA COR AMARELA","m",{"$f":"0.75*2*3*1.1","v":4.95},510.55720300000002,{"$f":"G52*$K$1","v":642.84257429730008},3182.07,{"$f":"CPU!I234","v":510.55720300000002}]
["9.42","CPU","CPU013","FORNECIMENTO E INSTALAÇÃO DE SUPORTE PARA CAIXA D'ÁGUA EM METALON","un",1,3351.7083244000005,{"$f":"G53*$K$1","v":4220.1359512520412},4220.1400000000003,{"$f":"CPU!I288","v":3351.7083244000005}]
["9.43",null,null,"MATERIAIS",{"$nulls":4},{"$f":"SUM(I55:I116)","v":117780.63000000003}]
["9.44","Cotação",null,"CONTAINER DRY BOX 20 PÉS 6,1X2,21X2,6 (COMPXLARGXALTU)","un",2,{"$f":"J55","v":19863},{"$f":"(G55*K$2)","v":22564.367999999999},{"$f":"ROUND(F55*H55,2)","v":45128.74},{"$f":"CPU!I251","v":19863}]
["9.45","Sinapi",89356,"TUBO PVC, SOLDAVEL, DN 25 MM, AGUA FRIA (NBR-5648)","m",12,24.24,{"$f":"(G56*K$2)","v":27.536639999999995},330.44,24.24]
["9.46","Sinapi",89357,"TUBO PVC, SOLDAVEL, DN 32 MM, AGUA FRIA (NBR-5648)","m",18,32.880000000000003,37.351680000000002,672.33,32.880000000000003]
["9.47","Sinapi",9835,"TUBO PVC SERIE NORMAL, DN 40 MM, PARA ESGOTO PREDIAL (NBR 5688)","m",3,6.47,7.3499199999999991,22.05,6.47]
["9.48","Sinapi",9838,"TUBO PVC SERIE NORMAL, DN 50 MM, PARA ESGOTO PREDIAL (NBR 5688) ","m",20,10.69,12.143839999999999,242.88,10.69]
["9.49","Sinapi",9836,"TUBO PVC SERIE NORMAL, DN 100 MM, PARA ESGOTO PREDIAL (NBR 5688) ","m",1,14.82,16.835519999999999,16.84,14.82]
["9.50","Sinapi",89362,"JOELHO 90 GRAUS, PVC, SOLDÁVEL, DN 25MM, INSTALADO EM RAMAL OU SUB-RAMAL DE ÁGUA - FORNECIMENTO E INSTALAÇÃO. AF_06/2022","un",12,9.7899999999999991,11.121439999999998,133.46,9.7899999999999991]
["9.51","Sinapi",89367,"JOELHO 90 GRAUS, PVC, SOLDÁVEL, DN 32MM, INSTALADO EM RAMAL OU SUB-RAMAL DE ÁGUA - FORNECIMENTO E INSTALAÇÃO. AF_06/2022","un",10,13.31,15.120159999999998,{"$f":"ROUND(F62*H62,2)","v":151.19999999999999},13.31]
["9.52","Sinapi",3515,"JOELHO PVC, SOLDAVEL, COM BUCHA DE LATAO, 90 GRAUS, 20 MM X 1/2\", PARA AGUA FRIA","un",2,6.18,7.0204799999999992,{"$f":"ROUND(F63*H63,2)","v":14.04},6.18]
["9.53","Sinapi",7121,"TE PVC, SOLDAVEL, COM BUCHA DE LATAO NA BOLSA CENTRAL, 90 GRAUS, 20 MM X 1/2\", PARA AGUA FRIA PREDIAL","un",2,8.69,9.8718399999999988,{"$f":"ROUND(F64*H64,2)","v":19.739999999999998},8.69]
["9.54","Sinapi",798,"BUCHA DE REDUCAO PVC ROSCAVEL 3/4\" X 1/2\"","un",2,1.1100000000000001,1.2609600000000001,{"$f":"ROUND(F65*H65,2)","v":2.52},1.1100000000000001]
["9.55","Sinapi",103957,"BUCHA DE REDUÇÃO, CURTA, PVC, SOLDÁVEL, DN 32 X 25 MM, INSTALADO EM PRUMADA DE ÁGUA - FORNECIMENTO E INSTALAÇÃO. AF_06/2022","un",2,4.91,5.5777599999999996,{"$f":"ROUND(F66*H66,2)","v":11.16},4.91]
["9.56","Sinapi",3878,"LUVA PVC, ROSCAVEL, 1 1/2\", AGUA FRIA PREDIAL","un",2,11.34,12.882239999999999,25.76,11.34]
["9.57","Sinapi",4177,"NIPLE DE FERRO GALVANIZADO, COM ROSCA BSP, DE 1/2\"","un",2,5.3,6.0207999999999995,12.04,5.3]
["9.58","Sinapi",89395,"TE, PVC, SOLDÁVEL, DN 25MM, INSTALADO EM RAMAL OU SUB-RAMAL DE ÁGUA - FORNECIMENTO E INSTALAÇÃO. AF_06/2022","un",3,13.47,15.301919999999999,45.91,13.47]
["9.59","Sinapi",89398,"TE, PVC, SOLDÁVEL, DN 32MM, INSTALADO EM RAMAL OU SUB-RAMAL DE ÁGUA - FORNECIMENTO E INSTALAÇÃO. AF_06/2022","un",3,18.53,21.050079999999998,63.15,18.53]
["9.60","Sinapi",97,"ADAPTADOR PVC SOLDAVEL, COM FLANGE E ANEL DE VEDACAO, 32 MM X 1\", PARA CAIXA D'AGUA","un",4,17.579999999999998,{"$f":"G71*$K$2","v":19.970879999999998},79.88,17.579999999999998]
["9.61","Sinapi",11675,"REGISTRO DE ESFERA, PVC, COM VOLANTE, VS, SOLDAVEL, DN 32 MM,","un",4,24.47,27.797919999999998,111.19,24.47]
["9.62","Sinapi",34637,"CAIXA D'AGUA / RESERVATORIO EM POLIETILENO, 500 LITROS, COM TAMPA                                                                                                                                                                                                                                                                                                                                                                                                                                         ","un",1,296.26,336.55135999999993,336.55,296.26]
["9.63","Sinapi",94495,"REGISTRO DE GAVETA BRUTO, LATÃO, ROSCÁVEL, 1\" - FORNECIMENTO E INSTALAÇÃO. AF_08/2021","un",1,65.239999999999995,74.112639999999985,74.11,65.239999999999995]
["9.64","Sinapi",94496,"REGISTRO DE GAVETA BRUTO, LATÃO, ROSCÁVEL, 1 1/4\" - FORNECIMENTO E INSTALAÇÃO. AF_08/2021","un",2,88.88,100.96767999999999,201.94,88.88]
["9.65","Sinapi",7603,"TORNEIRA DE METAL AMARELO, PARA TANQUE / JARDIM, DE PAREDE, SEM BICO, CANO CURTO, PADRAO POPULAR / USO GERA","un",2,37.08,42.122879999999995,84.25,37.08]
["9.66","Sinapi",94795,"TORNEIRA DE BOIA PARA CAIXA D'ÁGUA, ROSCÁVEL, 1/2\" - FORNECIMENTO E INSTALAÇÃO. AF_08/2021","un",1,32.9,37.374399999999994,37.369999999999997,32.9]
["9.67","Sinapi",20080,"ADESIVO PLASTICO PARA PVC, FRASCO COM 175 GR","un",2,21.72,24.673919999999995,{"$f":"ROUND(F78*H78,2)","v":49.35},21.72]
["9.68","Sinapi",3143,"FITA VEDA ROSCA 18MMX25M","un",1,39.770000000000003,45.178719999999998,{"$f":"ROUND(F79*H79,2)","v":45.18},39.770000000000003]
["9.69","Sinapi",35277,"CAIXA DE GORDURA EM PVC, DIAMETRO MINIMO 300 MM, DIAMETRO DE SAIDA 100 MM CAPACIDADE APROXIMADA 18 LITROS, COM TAMPA E CESTO","un",1,401.85,456.5016,{"$f":"ROUND(F80*H80,2)","v":456.5},401.85]
["9.70","Sinapi",11735,"PROLONGADOR PAR CAIXA DE GORDURA E INSPEÇÃO DN300, PVC","un",1,10.01,11.371359999999999,{"$f":"ROUND(F81*H81,2)","v":11.37},10.01]
["9.71","Sinapi",89482,"CAIXA SIFONADA, PVC, DN 100 X 100 X 50 MM, FORNECIDA E INSTALADA EM RAMAIS DE ENCAMINHAMENTO DE ÁGUA PLUVIAL. AF_06/2022","un",5,42.11,47.836959999999998,{"$f":"ROUND(F82*H82,2)","v":239.18},42.11]
["9.72","Sinapi",94679,"CURVA 90 GRAUS, PVC, SOLDÁVEL, DN 50 MM, INSTALADO EM RESERVAÇÃO DE ÁGUA DE EDIFICAÇÃO QUE POSSUA RESERVATÓRIO DE FIBRA/FIBROCIMENTO   FORNECIMENTO E INSTALAÇÃO. AF_06/2016","un",11,22.49,25.548639999999995,281.04000000000002,22.49]
["9.73","Sinapi",89504,"CURVA 45 GRAUS, PVC, SOLDÁVEL, DN 50MM, INSTALADO EM PRUMADA DE ÁGUA - FORNECIMENTO E INSTALAÇÃO. AF_06/2022","un",3,18.239999999999998,20.720639999999996,62.16,18.239999999999998]
["9.74","Sinapi",89724,"JOELHO 90 GRAUS, PVC, SERIE NORMAL, ESGOTO PREDIAL, DN 40 MM, JUNTA SOLDÁVEL, FORNECIDO E INSTALADO EM RAMAL DE DESCARGA OU RAMAL DE ESGOTO SANITÁRIO. AF_08/2022","un",1,10.54,11.973439999999998,11.97,10.54]
["9.75","Sinapi",89731,"JOELHO 90 GRAUS, PVC, SERIE NORMAL, ESGOTO PREDIAL, DN 50 MM, JUNTA ELÁSTICA, FORNECIDO E INSTALADO EM RAMAL DE DESCARGA OU RAMAL DE ESGOTO SANITÁRIO. AF_08/2022","un",8,16.989999999999998,19.300639999999998,154.41,16.989999999999998]
["9.76","Sinapi",89563,"JUNÇÃO SIMPLES, PVC, SERIE R, ÁGUA PLUVIAL, DN 50 MM, JUNTA ELÁSTICA, FORNECIDO E INSTALADO EM RAMAL DE ENCAMINHAMENTO. AF_06/2022","un",2,37.74,42.872639999999997,85.75,37.74]
["9.77","Sinapi",103995,"LUVA, PVC, SOLDÁVEL, DN 50MM, INSTALADO EM RAMAL DE DISTRIBUIÇÃO DE ÁGUA - FORNECIMENTO E INSTALAÇÃO. AF_06/2022","un",17,15,17.04,289.68,15]
["9.78","Sinapi",104345,"JUNÇÃO DE REDUÇÃO INVERTIDA, PVC, SÉRIE NORMAL, ESGOTO PREDIAL, DN 100 X 50 MM, JUNTA ELÁSTICA, FORNECIDO E INSTALADO EM RAMAL DE DESCARGA OU RAMAL DE ESGOTO SANITÁRIO. AF_08/2022","un",2,47.19,53.607839999999996,107.22,47.19]
["9.79","Sinapi",20043,"REDUÇÃO EXCÊNTRICA, PVC, ÁGUA PLUVIAL, DN 100 X 50 MM, LINHA NORMAL","un",2,8.92,10.133119999999998,{"$f":"ROUND(F90*H90,2)","v":20.27},8.92]
["9.80","Sinapi",86883,"SIFÃO DO TIPO FLEXÍVEL EM PVC 1  X 1.1/2  - FORNECIMENTO E INSTALAÇÃO. AF_01/2020","un",1,13.15,14.9384,14.94,13.15]
["9.81","Sinapi",86941,"LAVATÓRIO LOUÇA BRANCA COM COLUNA, 45 X 55CM OU EQUIVALENTE, PADRÃO MÉDIO, INCLUSO SIFÃO TIPO GARRAFA, VÁLVULA E ENGATE FLEXÍVEL DE 40CM EMMETAL CROMADO, COM TORNEIRA CROMADA DE MESA, PADRÃO MÉDIO - FORNECIMENTO E INSTALAÇÃO.","un",1,900.78,1023.2860799999999,1023.29,900.78]
["9.82","Sinapi",86936,"CUBA DE EMBUTIR DE AÇO INOXIDÁVEL MÉDIA, INCLUSO VÁLVULA TIPO AMERICANA E SIFÃO TIPO GARRAFA EM METAL CROMADO - FORNECIMENTO E INSTALAÇÃO","un",1,505.45,574.19119999999998,574.19000000000005,505.45]
["9.83","Cotação",null,"LAVADOR DE BOTAS EM AÇO INOXIDÁVEL AISI 304","un",1,3080.0566666666668,3498.9443733333333,3498.94,{"$f":"O94","v":3080.0566666666668},null,4192.93,2442.2399999999998,2605,{"$f":"AVERAGE(L94:N94)","v":3080.0566666666668}]
["9.84","Sinapi",86906,"TORNEIRA CROMADA DE MESA, 1/2\u0094 OU 3/4\u0094, PARA LAVATÓRIO, PADRÃO POPULAR - FORNECIMENTO E INSTALAÇÃO. AF_01/2020","un",2,72,81.791999999999987,163.58000000000001,72]
["9.85","Sinapi",94768,"ADAPTADOR COM FLANGE E ANEL DE VEDAÇÃO, CPVC, ROSCÁVEL, DN 42 MM, INSTALADO EM RESERVAÇÃO DE ÁGUA DE EDIFICAÇÃO QUE POSSUA RESERVATÓRIO DE FIBRA/FIBROCIMENTO - FORNECIMENTO E INSTALAÇÃO. AF_06/2016","un",1,73.77,83.802719999999994,83.8,73.77]
["9.86","Cotação",null,"PEDALEIRA PARA ACIONAMENTO TORNEIRA, ROSCA 1/2\"","un",2,145.39666666666665,165.17061333333331,330.34,{"$f":"O97","v":145.39666666666665},null,133.4,137.88999999999999,164.9,{"$f":"AVERAGE(L97:N97)","v":145.39666666666665}]
["9.87","Sinapi",91924,"CABO DE COBRE FLEXÍVEL ISOLADO, 1,5 MM², ANTI-CHAMA 450/750 V, PARA CIRCUITOS TERMINAIS - FORNECIMENTO E INSTALAÇÃO. AF_03/2023","m",49,3,3.4079999999999995,166.99,3]
["9.88","Sinapi",91926,"CABO DE COBRE, RIGIDO, CLASSE 2, ISOLACAO EM PVC/A, ANTICHAMA BWF-B, 1 CONDUTOR, 450/750 V, SECAO NOMINAL 2,5 MM2","m",180,4.33,4.9188799999999997,885.4,4.33]
["9.89","Sinapi",91952,"INTERRUPTOR SIMPLES (1 MÓDULO), 10A/250V, SEM SUPORTE E SEM PLACA - FORNECIMENTO E INSTALAÇÃO. AF_03/2023","un",4,20.05,22.776799999999998,91.11,20.05]
["9.90","Sinapi",91990,"TOMADA ALTA DE EMBUTIR (1 MÓDULO), 2P+T 10 A, SEM SUPORTE E SEM PLACA - FORNECIMENTO E INSTALAÇÃO. AF_03/2023","un",1,36.29,41.225439999999992,41.23,36.29]
["9.91","ORSE","11054/ORSE","CAIXA METÁLICA COM UMA TOMADA 2P+T PARA INSTALAÇÃO APARENTE","un",10,27.17,30.158700000000003,301.58999999999997,27.17]
["9.92","Sinapi",95777,"CONDULETE DE ALUMÍNIO, TIPO B, PARA ELETRODUTO DE AÇO GALVANIZADO DN 20 MM (3/4''), APARENTE - FORNECIMENTO E INSTALAÇÃO. AF_10/2022","un",5,26.85,30.5016,152.51,26.85]
["9.93","Sinapi",101890,"DISJUNTOR MONOPOLAR TIPO NEMA, CORRENTE NOMINAL DE 10 ATÉ 30A - FORNECIMENTO E INSTALAÇÃO. AF_10/2020","un",1,16.309999999999999,18.528159999999996,18.53,16.309999999999999]
["9.94","Sinapi",101892,"DISJUNTOR MONOPOLAR TIPO NEMA, CORRENTE NOMINAL DE 10 ATÉ 50A - FORNECIMENTO E INSTALAÇÃO. AF_10/2020","un",7,71.17,{"$f":"G105*$K$2","v":80.849119999999999},565.94000000000005,71.17]
["9.95","ORSE","07943/ORSE","DISJUNTOR BIPOLAR DR 25A - DISPOSITIVO DIFERENCIAL RESIDUAL, TIPO AC, 30MA","un",3,278.5,309.13500000000005,927.41,278.5]
["9.96","Sinapi",93661,"DISJUNTOR BIPOLAR TIPO DIN, CORRENTE NOMINAL DE 16A - FORNECIMENTO E INSTALAÇÃO. AF_10/2020","un",2,57.63,65.467680000000001,130.94,57.63]
["9.97","Sinapi",93665,"DISJUNTOR BIPOLAR TIPO DIN, CORRENTE NOMINAL DE 40A - FORNECIMENTO E INSTALAÇÃO. AF_10/2020","un",1,67.78,76.998079999999987,77,67.78]
["9.98","ORSE","4878/ORSE","PONTO DE LUZ EM TETO OU PAREDE, APARENTE SEM ELETRODUTO","un",5,65.23,72.405300000000011,362.03,65.23]
["9.99","ORSE","14448/ORSE","ELETRODUTO DE AÇO GALVANIZADO, CLASSE LEVE, DN 25 MM (1\")","m",50,33.67,37.373700000000007,1868.69,33.67]
["9.100","Sinapi",1879,"CURVA 90° PVC ELETRODUTO ROSCAVEL 3/4\"","un",16,2.23,2.5332799999999995,40.53,2.23]
["9.101","Sinapi",39128,"ABRAÇADEIRA GALVANIZADA \"D\" PARA ELETRODUTO 3/4\" COM CUNHA","un",50,3.43,3.8964799999999999,194.82,3.43]
["9.102","Sinapi",101878,"QUADRO DE DISTRIBUIÇÃO DE ENERGIA EM CHAPA DE AÇO GALVANIZADO, DE SOBREPOR, COM BARRAMENTO TRIFÁSICO, PARA 18 DISJUNTORES DIN 100A - FORNECIMENTO E INSTALAÇÃO. AF_10/2020","un",1,540.55999999999995,614.07615999999985,614.08000000000004,540.55999999999995]
["9.103","Sinapi",100954,"TRANSPORTE COM CAMINHÃO CARROCERIA COM GUINDAUTO (MUNCK),  MOMENTO MÁXIMO DE CARGA 11,7 TM, EM VIA INTERNA (DENTRO DO CANTEIRO - UNIDADE: TXKM). AF_07/2020","TXKM",800,9.18,10.428479999999999,{"$f":"ROUND(F114*H114,2)","v":8342.7800000000007},9.18]
["9.104","CPU","CPU006","REVESTIMENTO DE PAREDES EM CHAPAS DE AÇO INOXIDÁVEL AISI 304  - APENAS INSTALAÇÃO","m²",70.540000000000006,365.79599999999999,415.54425599999996,{"$f":"ROUND(F115*H115,2)","v":29312.49},{"$f":"CPU!I151","v":365.79599999999999}]
["9.105","CPU","CPU008","CHAPA XADREZ EM ALUMINIO PARA PISO e:3mm, INCLUSO REBITE PARA FIXAÇÃO - APENAS MÃO DE OBRA","m²",29.9,540.70640000000003,614.2424704,{"$f":"ROUND(F116*H116,2)","v":18365.849999999999},{"$f":"CPU!I182","v":540.70640000000003}]

{"sheet":"UBF","index":1,"n_rows":104,"n_cols":11,"rows_kept":104,"cut":false,"hidden":false,"merged":[[0,0,0,8],[1,0,1,8],[2,0,2,8],[3,0,4,6],[3,7,3,8],[4,7,4,8],[5,0,5,8],[6,0,7,0],[6,1,7,1],[6,2,7,2],[6,3,7,3],[6,4,7,4],[6,5,7,5],[6,6,6,8],[47,3,47,7],[54,3,54,7],[104,0,104,8],[9,3,9,7],[24,3,24,7],[30,3,30,7],[32,3,32,7],[36,3,36,7],[42,3,42,7],[10,3,10,7],[13,3,13,7],[19,3,19,7]]}
["MINISTÉRIO DA INTEGRAÇÃO E DO DESENVOLVIMENTO REGIONAL",{"$nulls":8},"BDI serviç",1.2591000000000001]
["COMPANHIA DE DESENVOLVIMENTO DOS VALES DO SÃO FRANCISCO E DO PARNAÍBA",{"$nulls":8},"BDI fornec.",1.1359999999999999]
["SEDE"]
["PLANILHA ORÇAMENTÁRIA DE ESTIMATIVA GERAL PARA O ESTADO DO CEARÁ",{"$nulls":6},"Base SINAPI-CE 03/2025       ORSE 02/2025"]
[{"$nulls":7},"Data: Maio/2025"]
[]
["Item","Base        ","Código        ","Descrição","Unid.","Quant.","Valor (R$)"]
[{"$nulls":6},"Unit. (sem BDI)","Unit. (com BDI)","Total"]
[]
[10,null,null,"UNIDADE DE BENEFICIAMENTO DE FRUTOS",{"$nulls":4},{"$f":"SUM(I11,I14,I20,I25,I31,I33,I37,I43,I48,I55)","v":377504.38205440005}]
["10.1",null,null,"SERVIÇOS PRELIMINARES",{"$nulls":4},{"$f":"SUM(I12:I13)","v":805.2}]
["10.2","sinapi",105009,{"$f":"[1]CPU!$A$91","v":"LOCAÇÃO DE OBRAS"},"m",{"$f":"15+10+15+10","v":50},{"$f":"J12","v":10.75},{"$f":"(G12*K$1)","v":13.535325},{"$f":"ROUND(F12*H12,2)","v":676.77},10.75]
["10.3","Sinapi",98525,"LIMPEZA MECANIZADA DE CAMADA VEGETAL, VEGETAÇÃO E PEQUENAS ÁRVORES (DIÂMETRO DE TRONCO MENOR QUE 0,20 M), COM TRATOR DE ESTEIRAS.","m²",{"$f":"15*10","v":150},{"$f":"J13","v":0.68},{"$f":"(G13*K$1)","v":0.85618800000000017},{"$f":"ROUND(F13*H13,2)","v":128.43},0.68]
["10.4",null,null,"MOVIMENTO DE TERRA",{"$nulls":4},{"$f":"SUM(I15:I19)","v":3212.98}]
["10.5","Sinapi",101230,"ESCAVAÇÃO VERTICAL A CÉU ABERTO, EM OBRAS DE INFRAESTRUTURA, INCLUINDO CARGA, DESCARGA E TRANSPORTE, EM SOLO DE 1ª CATEGORIA COM ESCAVADEIRA HIDRÁULICA (CAÇAMBA: 0,8 M³ / 111 HP)","m³",54.76,{"$f":"J15","v":11.88},{"$f":"G15*$K$1","v":14.958108000000003},{"$f":"ROUND(F15*H15,2)","v":819.11},11.88]
["10.6","Sinapi",100577,"REGULARIZAÇÃO E COMPACTAÇÃO DE SUBLEITO DE SOLO PREDOMINANTEMENTE ARENOSO.","m²",150,0.54,{"$f":"G16*$K$1","v":0.67991400000000013},{"$f":"ROUND(F16*H16,2)","v":101.99},0.54]
["10.7","Sinapi",96385,"EXECUÇÃO E COMPACTAÇÃO DE ATERRO COM SOLO PREDOMINANTEMENTE ARGILOSO - EXCLUSIVE SOLO, ESCAVAÇÃO, CARGA E TRANSPORTE","m³",75,13.28,{"$f":"G17*$K$1","v":16.720848},{"$f":"ROUND(F17*H17,2)","v":1254.06},13.28]
["10.8","Sinapi",100574,"ESPALHAMENTO DE MATERIAL COM TRATOR DE ESTEIRAS.","m³",75,1.47,{"$f":"G18*$K$1","v":1.8508770000000001},{"$f":"ROUND(F18*H18,2)","v":138.82},1.47]
["10.9","Sinapi",100973,"CARGA, MANOBRA E DESCARGA DE SOLOS E MATERIAIS GRANULARES EM CAMINHÃO BASCULANTE 6 M³ - CARGA COM PÁ CARREGADEIRA (CAÇAMBA DE 1,7 A 2,8 M³ /128 HP) E DESCARGA LIVRE ","m³",75,9.52,{"$f":"G19*$K$1","v":11.986632},{"$f":"ROUND(F19*H19,2)","v":899},9.52]
["10.10",null,null,"FUNDAÇÕES/ ESTRUTURAS DE CONCRETO ARMADO",{"$nulls":4},{"$f":"SUM(I21:I24)","v":14759.112054400002}]
["10.11","Sinapi",92802,"CORTE E DOBRA DE AÇO CA-50, DIÂMETRO DE 8,0 MM","kg",101.6,{"$f":"J21","v":11.24},{"$f":"G21*K1","v":14.152284000000002},{"$f":"H21*F21","v":1437.8720544},11.24]
["10.12","Sinapi",94965,"CONCRETO FCK = 25MPA, TRAÇO 1:2,3:2,7 (CIMENTO/ AREIA MÉDIA/ BRITA 1) - PREPARO MECÂNICO COM BETONEIRA 400 L. ","m³",17,514.09,{"$f":"G22*K1","v":647.29071900000008},{"$f":"ROUND(F22*H22,2)","v":11003.94},514.09]
["10.13","Sinapi","103673","LANÇAMENTO COM USO DE BOMBA, ADENSAMENTO E ACABAMENTO DE CONCRETO EM ESTRUTURAS. AF_02/2022","m³",17,44.59,{"$f":"G23*K1","v":56.143269000000011},{"$f":"ROUND(F23*H23,2)","v":954.44},44.59]
["10.14","Sinapi",97086,"FABRICAÇÃO, MONTAGEM E DESMONTAGEM DE FORMA PARA RADIER, EM MADEIRA SERRADA, 4 UTILIZAÇÕES.","m²",7.8,138.77000000000001,{"$f":"G24*K1","v":174.72530700000002},{"$f":"ROUND(F24*H24,2)","v":1362.86},138.77000000000001]
["10.15",null,null,"ALVENARIAS, DIVISÓRIAS E FECHAMENTOS",{"$nulls":4},{"$f":"SUM(I26:I30)","v":61178.929999999993}]
["10.16","CPU","CPU010","REVESTIMENTO DE PAREDES EM CHAPAS DE AÇO INOXIDÁVEL AISI 304  - APENAS INSTALAÇÃO","m²",160.29,47.168000000000006,{"$f":"(G26*K$1)","v":59.389228800000012},{"$f":"ROUND(F26*H26,2)","v":9519.5},{"$f":"CPU!I207","v":47.168000000000006}]
["10.17","ORSE",9854,"REVESTIMENTO TERMICO NAS PAREDES EXTERNAS COM LÃ DE VIDRO","m²",134.78,15.05,{"$f":"(G27*K$1)","v":18.949455000000004},{"$f":"ROUND(F27*H27,2)","v":2554.0100000000002},15.05]
["10.18","CPU","CPU009","CHAPA XADREZ EM ALUMINIO PARA PISO e:3mm, INCLUSO REBITE PARA FIXAÇÃO - APENAS INSTALAÇÃO","m²",56.543999999999997,410.83530000000007,517.28272623000009,{"$f":"ROUND(F28*H28,2)","v":29249.23},{"$f":"CPU!I193","v":410.83530000000007}]
["10.19","Sinapi",104723,"PAREDE COM SISTEMA EM CHAPAS DE GESSO PARA DRYWALL, USO INTERNO, COM DUAS FACES DUPLAS E ESTRUTURA METÁLICA COM GUIAS DUPLAS PARA PAREDES COM ÁREA LÍQUIDA MENOR QUE 6 M2, COM VÃOS.","m²",42.8,266.66000000000003,335.75160600000004,{"$f":"ROUND(F29*H29,2)","v":14370.17},266.66000000000003]
["10.20","Sinapi",96486,"FORRO EM RÉGUAS DE PVC, LISO, PARA AMBIENTES COMERCIAIS, INCLUSIVE ESTRUTURA BIDIRECIONAL DE FIXAÇÃO","m²",54.112000000000002,80.52,101.382732,5486.02,80.52]
["10.21",null,null,"PINTURAS",{"$nulls":4},{"$f":"SUM(I32:I32)","v":13008.62},{"$f":"G31","v":0}]
["10.22","Sinapi",100751,"PINTURA COM TINTA EPOXÍDICA DE ACABAMENTO PULVERIZADA SOBRE PERFIL METÁLICO EXECUTADO EM FÁBRICA (02 DEMÃOS).","m²",263.89999999999998,39.15,{"$f":"(G32*K$1)","v":49.293765},{"$f":"ROUND(F32*H32,2)","v":13008.62},39.15]
["10.23",null,null,"COBERTURAS",{"$nulls":4},{"$f":"SUM(I34:I36)","v":42243.140000000007},0]
["10.24","ORSE","13874/ORSE","ESTRUTURA METALICA P/ COBERTURA DE CRECHE PADRÃO 1 DO PADRÃO FNDE, EM LIGTH STEEL FRAME, COM PERFIS UE70 MONTANTES DE TUBO UE70, INCLUSIVE FORNECIMENTO E MONTAGEM. EXCLUSIVE TELHAS","m²",98.42,{"$f":"J34","v":113.51},{"$f":"(G34*K$1)","v":142.92044100000001},{"$f":"ROUND(F34*H34,2)","v":14066.23},113.51]
["10.25","Sinapi",94216,"TELHAMENTO COM TELHA METÁLICA TERMOACÚSTICA E = 30 MM, COM ATÉ 2 ÁGUAS, INCLUSO IÇAMENTO","m²",98.42,210.37,{"$f":"G35*K1","v":264.876867},{"$f":"ROUND(F35*H35,2)","v":26069.18},210.37]
["10.26","Sinapi",94228,"CALHA EM CHAPA DE AÇO GALVANIZADO NÚMERO 24, DESENVOLVIMENTO DE 50 CM, INCLUSO TRANSPORTE VERTICAL. AF_07/2019","m",18,93,{"$f":"(J36*K$1)","v":117.09630000000001},{"$f":"ROUND(F36*H36,2)","v":2107.73},93]
["10.27",null,null,"CONSTRUÇÃO CIVIL",{"$nulls":4},{"$f":"SUM(I38:I42)","v":26287.610000000004},0]
["10.28","Sinapi",100702,"PORTA DE CORRER DE ALUMÍNIO, COM DUAS FOLHAS PARA VIDRO, INCLUSO VIDRO LISO INCOLOR, FECHADURA E PUXADOR, SEM ALIZAR. ","m²",4.8499999999999996,474.12,{"$f":"(J38*K$1)","v":596.96449200000006},{"$f":"ROUND(F38*H38,2)","v":2895.28},474.12]
["10.29","Sinapi",91341,"PORTA EM ALUMÍNIO DE ABRIR TIPO VENEZIANA COM GUARNIÇÃO, FIXAÇÃO COM PARAFUSOS - FORNECIMENTO E INSTALAÇÃO.","m²",3.8,690.03,{"$f":"(J39*K$1)","v":868.81677300000001},{"$f":"ROUND(F39*H39,2)","v":3301.5},690.03]
["10.30","Sinapi",100674,"CAIXILHO FIXO DE ALUMÍNIO PARA VIDRO (VIDRO INCLUSO), BATENTE/ REQUADRO DE 4 A 14 CM, SEM\nGUARNIÇÃO/ ALIZAR, FIXAÇÃO COM PARAFUSOS, VEDAÇÃO COM SILICONE, EXCLUSIVE CONTRAMARCO -\nFORNECIMENTO E INSTALAÇÃO. AF_11/2024","m²",8.85,820.38,{"$f":"(J40*K$1)","v":1032.940458},{"$f":"ROUND(F40*H40,2)","v":9141.52},820.38]
["10.31","CPU","CPU007","REVESTIMENTO CERÂMICO PARA PISO COM PLACAS TIPO ESMALTADA DE DIMENSÕES 45x45cm COM ARGAMASSA AC III","m²",60,107.735625,{"$f":"(J41*K$1)","v":135.6499254375},{"$f":"ROUND(F41*H41,2)","v":8139},{"$f":"CPU!I170","v":107.735625}]
["10.32","Sinapi",94228,"CALHA EM CHAPA DE AÇO GALVANIZADO NÚMERO 24, DESENVOLVIMENTO DE 50 CM, INCLUSO TRANSPORTE VERTICAL. AF_07/2019","m",24,93,{"$f":"(J42*K$1)","v":117.09630000000001},{"$f":"ROUND(F42*H42,2)","v":2810.31},93]
["10.33",null,null,"INSTALAÇÕES PREDIAIS",{"$nulls":4},{"$f":"SUM(I44:I47)","v":14529.890000000001},0]
["10.34","CPU","CPU001",{"$f":"[2]CPU!$A$65","v":"EXECUÇÃO DE INSTALAÇÕES HIDROSSANITÁRIAS, EXCLUSIVE EQUIPAMENTOS"},{"$f":"[2]CPU!$I$78","v":"cj"},1,3038,{"$f":"(G44*K$1)","v":3825.1458000000002},{"$f":"ROUND(F44*H44,2)","v":3825.15},{"$f":"CPU!I44","v":3038}]
["10.35","CPU","CPU002",{"$f":"[2]CPU!$A$78","v":"EXECUÇÃO DE INSTALAÇÕES ELÉTRICAS, EXCLUSIVE EQUIPAMENTOS"},{"$f":"[2]CPU!$I$78","v":"cj"},1,3182,{"$f":"(G45*K$1)","v":4006.4562000000005},{"$f":"ROUND(F45*H45,2)","v":4006.46},{"$f":"CPU!I57","v":3182}]
["10.36","SINAPI",98052,"TANQUE SÉPTICO CIRCULAR, EM CONCRETO PRÉ-MOLDADO, DIÂMETRO INTERNO = 1,10 M, ALTURA INTERNA = 2,50 M, VOLUME ÚTIL: 2138,2 L (PARA 5 CONTRIBUINTES).","un",1,2142.4299999999998,2697.5336130000001,2697.53,2142.4299999999998]
["10.37","SINAPI",98062,"SUMIDOURO CIRCULAR, EM CONCRETO PRÉ-MOLDADO, DIÂMETRO INTERNO = 1,88 M, ALTURA INTERNA = 2,00 M, ÁREA DE INFILTRAÇÃO: 13,1 M² (PARA 5 CONTRIBUINTES)","un",1,3177.47,4000.752477,4000.75,3177.47]
["10.38",null,null,"SERVIÇOS DIVERSOS",{"$nulls":4},{"$f":"SUM(I49:I54)","v":35462.380000000005}]
["10.39","CPU","CPU003",{"$f":"[2]CPU!$A$140","v":"CORTE DE CONTAINER PARA ESQUADRIAS"},{"$f":"[2]CPU!$I$140","v":"m²"},12.65,203.37395000000001,{"$f":"(G49*K$1)","v":256.06814044500004},{"$f":"ROUND(F49*H49,2)","v":3239.26},{"$f":"CPU!I75","v":203.37395000000001}]
["10.40","CPU","CPU004",{"$f":"[2]CPU!$A$182","v":"MODIFICAÇÕES NO CONTAINER COM CORTE POR ESMERILHADEIRA "},{"$f":"[2]CPU!$I$182","v":"m"},57.68,106.82799999999999,{"$f":"(G50*K$1)","v":134.50713479999999},7758.37,{"$f":"CPU!I117","v":106.82799999999999}]
["10.41","CPU","CPU005",{"$f":"[2]CPU!$A$200","v":"MODIFICAÇÕES NO CONTAINER UNIÃO ATRAVÉS DO PROCESSO DE SOLDAGEM, INCLUSO IÇAMENTO DO CONTAINER"},{"$f":"[2]CPU!$I$200","v":"m"},40.799999999999997,357.08855599999998,449.61020085960001,18344.099999999999,{"$f":"CPU!I139","v":357.08855599999998}]
["10.42","ORSE","00900/ORSE","ESCADA DE FERRO COM GUARDA-CORPO","m",0.9,601.49,754.56920500000001,679.11,601.49]
["10.43","CPU","CPU011","GUARDA-CORPO DE AÇO CARBONO, MONTANTES TUBULARES DE 1.1/2\" ESPAÇADOS EM 0,75M, ALTURA APROXIMADA DE 0,90M, PREPARADO COM FUNDO E TINTA EPÓXI NA COR AMARELA","m",1.9,510.55720300000002,642.84257429730008,1221.4000000000001,{"$f":"CPU!I234","v":510.55720300000002}]
["10.44","CPU","CPU013","FORNECIMENTO E INSTALAÇÃO DE SUPORTE PARA CAIXA D'ÁGUA EM METALON","un",1,3351.7083244000005,4220.1359512520412,4220.1400000000003,{"$f":"CPU!I288","v":3351.7083244000005}]
["10.45",null,null,"MATERIAIS",{"$nulls":4},{"$f":"SUM(I56:I104)","v":166016.52000000002},0]
["10.46","Cotação",null,"CONTAINER HIGH CUBE 40 PÉS 12,2X2,3X2,9 (COMPXLARGXALTU)","un",2,20992,{"$f":"(G56*K$2)","v":23846.911999999997},{"$f":"ROUND(F56*H56,2)","v":47693.82},{"$f":"CPU!I268","v":20992}]
["10.47","Sinapi",89356,"TUBO PVC, SOLDAVEL, DN 25 MM, AGUA FRIA (NBR-5648)","m",6,24.24,{"$f":"(G57*K$2)","v":27.536639999999995},165.22,24.24]
["10.48","Sinapi",89357,"TUBO PVC, SOLDAVEL, DN 32 MM, AGUA FRIA (NBR-5648)","m",18,32.880000000000003,37.351680000000002,672.33,32.880000000000003]
["10.49","Sinapi",89448,"TUBO PVC, SOLDAVEL, DN 40 MM, AGUA FRIA (NBR-5648) ","m",3,15.48,17.585279999999997,52.76,15.48]
["10.50","Sinapi",9838,"TUBO PVC SERIE NORMAL, DN 50 MM, PARA ESGOTO PREDIAL (NBR 5688) ","m",30,10.69,12.143839999999999,364.32,10.69]
["10.51","Sinapi",89362,"JOELHO 90 GRAUS, PVC, SOLDÁVEL, DN 25MM, INSTALADO EM RAMAL OU SUB-RAMAL DE ÁGUA - FORNECIMENTO E INSTALAÇÃO. AF_06/2022","un",5,9.7899999999999991,11.121439999999998,55.61,9.7899999999999991]
["10.52","Sinapi",89367,"JOELHO 90 GRAUS, PVC, SOLDÁVEL, DN 32MM, INSTALADO EM RAMAL OU SUB-RAMAL DE ÁGUA - FORNECIMENTO E INSTALAÇÃO. AF_06/2022","un",4,13.31,15.120159999999998,60.48,13.31]
["10.53","Sinapi",89497,"JOELHO 90 GRAUS, PVC, SOLDÁVEL, DN 40MM, INSTALADO EM PRUMADA DE ÁGUA - FORNECIMENTO E INSTALAÇÃO. AF_06/2022","un",3,12.95,14.711199999999998,44.13,12.95]
["10.54","Sinapi",3874,"LUVA SOLDAVEL COM BUCHA DE LATÃO DN25X1/2\"","un",5,5.68,6.4524799999999987,32.26,5.68]
["10.55","Sinapi",12909,"CAP PVC, SOLDAVEL, DN 50 MM, SERIE NORMAL, PARA ESGOTO PREDIAL","un",3,4.45,5.0552000000000001,15.17,4.45]
["10.56","Sinapi",7136,"TE DE REDUCAO, PVC, SOLDAVEL, 90 GRAUS, 32 MM X 25 MM, PARA AGUA FRIA PREDIAL","un",5,6.34,7.2022399999999989,36.01,6.34]
["10.57","Sinapi",97,"ADAPTADOR PVC SOLDAVEL, COM FLANGE E ANEL DE VEDACAO, 32 MM X 1\", PARA CAIXA D'ÁGUA","un",1,17.579999999999998,19.970879999999998,19.97,17.579999999999998]
["10.58","Sinapi",98,"ADAPTADOR PVC SOLDAVEL, COM FLANGE E ANEL DE VEDACAO, 40 MM X 1 1/4\", PARA CAIXA D'ÁGUA","un",1,26.32,29.899519999999999,29.9,26.32]
["10.59","Sinapi",11871,"CAIXA D'AGUA EM POLIETILENO 500 LITROS, COM TAMPA","un",1,495.45,562.83119999999997,562.83000000000004,495.45]
["10.60","Sinapi",94795,"TORNEIRA DE BOIA PARA CAIXA D'ÁGUA, ROSCÁVEL, 1/2\" - FORNECIMENTO E INSTALAÇÃO. AF_08/2021","un",1,32.9,37.374399999999994,37.369999999999997,32.9]
["10.61","Sinapi",799,"BUCHA DE REDUCAO PVC, ROSCAVEL, 1\" X 1/2\"","un",1,3.33,3.7828799999999996,3.78,3.33]
["10.62","Sinapi",11746,"VALVULA DE ESFERA BRUTA EM BRONZE, BITOLA 1”","un",1,80.34,91.266239999999996,91.27,80.34]
["10.63","Sinapi",4177,"NIPLE DE FERRO GALVANIZADO, COM ROSCA BSP, DE 1/2\"","un",1,5.3,6.0207999999999995,{"$f":"ROUND(F73*H73,2)","v":6.02},5.3]
["10.64","Sinapi",3855,"LUVA SOLDAVEL COM BUCHA DE LATÃO DN25X1/2\"","un",1,4.9000000000000004,5.5663999999999998,{"$f":"ROUND(F74*H74,2)","v":5.57},4.9000000000000004]
["10.65","Sinapi",11674,"REGISTRO DE ESFERA, PVC, COM VOLANTE, VS, SOLDAVEL, DN 25 MM, COM CORPO\nDIVIDIDO","un",1,15.41,17.505759999999999,{"$f":"ROUND(F75*H75,2)","v":17.510000000000002},15.41]
["10.66","Sinapi",35277,"CAIXA DE GORDURA EM PVC, DIAMETRO MINIMO 300 MM, DIAMETRO DE SAIDA 100 MM CAPACIDADE APROXIMADA 18 LITROS, COM TAMPA E CESTO","un",2,401.85,456.5016,{"$f":"ROUND(F76*H76,2)","v":913},401.85]
["10.67","Sinapi",89482,"CAIXA SIFONADA, PVC, DN 100 X 100 X 50 MM, FORNECIDA E INSTALADA EM RAMAIS DE ENCAMINHAMENTO DE ÁGUA PLUVIAL. AF_06/2022","un",5,42.11,47.836959999999998,239.18,42.11]
["10.68","Sinapi",89502,"JOELHO 45 GRAUS, PVC, SOLDÁVEL, DN 50MM, INSTALADO EM PRUMADA DE ÁGUA - FORNECIMENTO E INSTALAÇÃO. AF_06/2022","un",4,16.54,18.789439999999999,75.16,16.54]
["10.69","Sinapi",89501,"JOELHO 90 GRAUS, PVC, SOLDÁVEL, DN 50MM, INSTALADO EM PRUMADA DE ÁGUA - FORNECIMENTO E INSTALAÇÃO. AF_06/2022","un",10,14.18,16.108479999999997,161.08000000000001,14.18]
["10.70","Sinapi",103995,"LUVA, PVC, SOLDÁVEL, DN 50MM, INSTALADO EM RAMAL DE DISTRIBUIÇÃO DE ÁGUA - FORNECIMENTO E INSTALAÇÃO. AF_06/2022","un",21,15,17.04,357.84,15]
["10.71","Sinapi",89567,"JUNÇÃO SIMPLES, PVC, SERIE R, ÁGUA PLUVIAL, DN 100 X 100 MM, JUNTA ELÁSTICA, FORNECIDO E INSTALADO EM RAMAL DE ENCAMINHAMENTO. AF_06/2022","un",6,84.32,95.787519999999986,574.73,84.32]
["10.72","Sinapi",12909,"CAP PVC, SOLDAVEL, DN 50 MM, SERIE NORMAL, PARA ESGOTO","un",1,4.45,5.0552000000000001,5.0599999999999996,4.45]
["10.73","Sinapi",34628,"DISJUNTOR TIPO DIN/IEC, BIPOLAR 63 A","un",1,71.16,80.837759999999989,80.84,71.16]
["10.74","Sinapi",34616,"DISJUNTOR TIPO DIN/IEC, BIPOLAR DE 6 ATE 32A","un",6,50.45,57.311199999999999,343.87,50.45]
["10.75","ORSE","07943/ORSE","DISJUNTOR BIPOLAR DR 25A - DISPOSITIVO DIFERENCIAL RESIDUAL, TIPO AC, 30MA","un",3,278.5,309.13500000000005,927.41,278.5]
["10.76","Sinapi",39805,"QUADRO DE DISTRIBUICAO, EM PVC, DE EMBUTIR, COM BARRAMENTO TERRA / NEUTRO, PARA 12 DISJUNTORES NEMA OU 16 DISJUNTORES DIN","un",1,{"$f":"J86","v":129.9},147.56639999999999,147.57,129.9]
["10.77","Sinapi",1014,"CABO DE COBRE, FLEXIVEL, CLASSE 4 OU 5, ISOLACAO EM PVC/A, ANTICHAMA BWF-B, 1 CONDUTOR, 450/750 V, SECAO NOMINAL 2,5 MM2","m",397.5,2.2000000000000002,2.4992000000000001,993.43,2.2000000000000002]
["10.78","Sinapi",39471,"DISPOSITIVO DPS CLASSE II, 1 POLO, TENSAO MAXIMA DE 275 V, CORRENTE MAXIMA DE *45* KA (TIPO AC)","un",2,101.33,115.11087999999999,230.22,101.33]
["10.79","Sinapi",981,"CABO DE COBRE, FLEXIVEL, CLASSE 4 OU 5, ISOLACAO EM PVC/A, ANTICHAMA BWF-B, 1 CONDUTOR, 450/750 V, SECAO NOMINAL 4 MM2","m",77.58,3.65,4.1463999999999999,321.68,3.65]
["10.80","Sinapi",993,"CABO DE COBRE, FLEXIVEL, CLASSE 4 OU 5, ISOLACAO EM PVC/A, ANTICHAMA BWF-B, COBERTURA PVC-ST1, ANTICHAMA BWF-B, 1 CONDUTOR, 0,6/1 KV, SECAO NOMINAL 1,5 MM2","m",396.4,1.87,2.12432,842.08,1.87]
["10.81","Sinapi",38076,"TOMADAS (2 MODULOS) 2P+T 10A, 250V, CONJUNTO MONTADO PARA EMBUTIR 4\" X 2\" (PLACA + SUPORTE + MODULOS)","un",11,19.22,21.833919999999996,240.17,19.22]
["10.82","Sinapi",1871,"CAIXA OCTOGONAL DE FUNDO MOVEL, EM PVC, DE 3\" X 3\", PARA ELETRODUTO FLEXIVEL CORRUGADO","un",8,3.44,3.9078399999999998,31.26,3.44]
["10.83","Sinapi",2689,"ELETRODUTO PVC FLEXIVEL CORRUGADO, COR AMARELA, DE 20 MM","m",15.53,2.08,2.3628800000000001,36.700000000000003,2.08]
["10.84","Sinapi",2688,"ELETRODUTO PVC FLEXIVEL CORRUGADO, COR AMARELA, DE 25 MM","m",71.739999999999995,2.2599999999999998,2.5673599999999994,184.18,2.2599999999999998]
["10.85","Sinapi",20111,"FITA ISOLANTE ADESIVA ANTICHAMA, USO ATE 750 V, EM ROLO DE 19 MM X 20 M","un",6,9.89,11.23504,67.41,9.89]
["10.86","Sinapi",1873,"CAIXA DE PASSAGEM, EM PVC, DE 4\" X 4\", PARA ELETRODUTO FLEXIVEL CORRUGADO","un",1,3.82,4.3395199999999994,4.34,3.82]
["10.87","Sinapi",38063,"INTERRUPTOR PARALELO 10A, 250V, CONJUNTO MONTADO PARA EMBUTIR 4\" X 2\" (PLACA + SUPORTE + MODULO)","un",4,10.34,11.746239999999998,46.98,10.34]
["10.88","Sinapi",38078,"INTERRUPTOR PARALELO + TOMADA 2P+T 10A, 250V, CONJUNTO MONTADO PARA EMBUTIR 4\" X 2\" (PLACA + SUPORTE + MODULOS)","un",1,10.34,11.746239999999998,11.75,10.34]
["10.89","Sinapi",38775,"LUMINARIA TIPO TARTARUGA PARA AREA EXTERNA EM ALUMINIO, COM GRADE, PARA 1 LAMPADA, BASE E27, POTENCIA MAXIMA 40/60 W (NAO INCLUI LAMPADA)","un",8,80.790000000000006,91.777439999999999,734.22,80.790000000000006]
["10.90","Sinapi",10569,"CAIXA DE PASSAGEM / DERIVACAO / LUZ, OCTOGONAL 4 X4, EM ACO ESMALTADA, COM FUNDO MOVEL SIMPLES (FMS)","un",6,3.29,3.7374399999999999,22.42,3.29]
["10.91","Sinapi",100954,"TRANSPORTE COM CAMINHÃO CARROCERIA COM GUINDAUTO (MUNCK),  MOMENTO MÁXIMO DE CARGA 11,7 TM, EM VIA INTERNA (DENTRO DO CANTEIRO - UNIDADE: TXKM). AF_07/2020","TXKM",600,9.18,10.428479999999999,{"$f":"ROUND(F101*H101,2)","v":6257.09},9.18]
["10.92","Sinapi",100788,"KIT CAVALETE PARA GÁS - SEM MEDIDOR OU REGULADOR - ENTRADA INDIVIDUAL PRINCIPAL, EM AÇO GALVANIZADO DN 15 E 25 MM (1/2\" E 1\") - FORNECIMENTO E INSTALAÇÃO","und",1,758.1,861.20159999999998,{"$f":"ROUND(F102*H102,2)","v":861.2},758.1]
["10.93","CPU","CPU008","CHAPA XADREZ EM ALUMINIO PARA PISO e:3mm, INCLUSO REBITE PARA FIXAÇÃO - APENAS MATERIAL","m²",56.543999999999997,540.70640000000003,614.2424704,{"$f":"ROUND(F103*H103,2)","v":34731.730000000003},{"$f":"CPU!I182","v":540.70640000000003}]
["10.94","CPU","CPU006","REVESTIMENTO DE PAREDES EM CHAPAS DE AÇO INOXIDÁVEL AISI 304  - APENAS MATERIAL","m²",160.29,365.79599999999999,415.54425599999996,{"$f":"ROUND(F104*H104,2)","v":66607.59},{"$f":"CPU!I151","v":365.79599999999999}]

{"sheet":"CPU","index":2,"n_rows":288,"n_cols":9,"rows_kept":288,"cut":false,"hidden":false,"merged":[[286,0,286,7],[287,0,287,7],[278,0,278,7],[279,0,279,8],[283,0,283,7],[284,0,284,2],[284,4,284,7],[285,0,285,7],[249,0,249,7],[250,0,250,7],[269,0,269,7],[270,0,270,6],[271,0,271,6],[272,0,272,8],[252,0,252,7],[253,0,253,6],[254,0,254,6],[255,0,255,8],[259,0,259,7],[260,0,260,8],[263,0,263,7],[264,0,264,2],[264,4,264,7],[265,0,265,7],[242,0,242,7],[243,0,243,8],[246,0,246,7],[247,0,247,2],[247,4,247,7],[248,0,248,7],[232,0,232,7],[233,0,233,7],[235,0,235,7],[236,0,236,6],[237,0,237,6],[238,0,238,8],[224,0,224,7],[225,0,225,8],[229,0,229,7],[230,0,230,2],[230,4,230,7],[231,0,231,7],[212,0,212,7],[213,0,213,6],[214,0,214,6],[215,0,215,8],[194,0,194,7],[195,0,195,7],[199,0,199,6],[207,0,207,7],[208,0,208,7],[209,0,209,7],[197,0,197,8],[198,0,198,7],[200,0,200,6],[201,0,201,8],[205,0,205,7],[206,0,206,2],[191,0,191,7],[192,0,192,2],[192,4,192,7],[193,0,193,7],[171,0,171,8],[172,0,172,7],[173,0,173,6],[174,0,174,6],[175,0,175,8],[169,0,169,7],[140,0,140,7],[141,0,141,6],[142,0,142,6],[143,0,143,8],[147,0,147,7],[161,0,161,8],[170,0,170,8],[183,0,183,7],[135,0,135,2],[135,4,135,7],[136,0,136,7],[137,0,137,7],[138,0,138,7],[139,0,139,8],[121,0,121,8],[126,0,126,7],[127,0,127,8],[130,0,130,7],[131,0,131,8],[134,0,134,7],[115,0,115,7],[116,0,116,7],[117,0,117,8],[118,0,118,7],[119,0,119,6],[120,0,120,6],[107,0,107,7],[108,0,108,8],[112,0,112,7],[113,0,113,2],[113,4,113,7],[114,0,114,7],[98,0,98,7],[99,0,99,8],[100,0,100,7],[101,0,101,6],[102,0,102,6],[103,0,103,8],[91,0,91,8],[94,0,94,7],[95,0,95,2],[95,4,95,7],[96,0,96,7],[97,0,97,7],[85,0,85,7],[86,0,86,7],[87,0,87,8],[88,0,88,7],[89,0,89,6],[90,0,90,6],[78,0,78,6],[79,0,79,8],[82,0,82,7],[83,0,83,2],[83,4,83,7],[84,0,84,7],[59,0,59,6],[72,0,72,7],[73,0,73,7],[74,0,74,7],[75,0,75,8],[76,0,76,7],[77,0,77,6],[60,0,60,6],[61,0,61,8],[65,0,65,7],[66,0,66,8],[70,0,70,7],[71,0,71,2],[71,4,71,7],[56,0,56,7],[48,0,48,8],[52,0,52,7],[53,0,53,2],[53,4,53,7],[54,0,54,7],[55,0,55,7],[57,0,57,8],[58,0,58,7],[42,0,42,7],[43,0,43,7],[44,0,44,8],[45,0,45,7],[46,0,46,6],[47,0,47,6],[34,0,34,6],[35,0,35,8],[39,0,39,7],[40,0,40,2],[40,4,40,7],[41,0,41,7],[8,0,8,6],[28,0,28,7],[29,0,29,7],[30,0,30,7],[31,0,31,8],[32,0,32,7],[33,0,33,6],[10,0,10,8],[18,0,18,7],[19,0,19,8],[26,0,26,7],[27,0,27,2],[27,4,27,7],[0,0,0,8],[1,0,1,8],[2,0,2,8],[3,0,4,6],[3,7,3,8],[4,7,4,8],[5,0,5,8],[6,0,6,8],[7,0,7,7],[266,0,266,7],[267,0,267,7],[206,4,206,7],[148,0,148,7],[149,0,149,7],[150,0,150,7],[152,0,152,7],[153,0,153,6],[154,0,154,6],[155,0,155,8],[160,0,160,7],[179,0,179,7],[180,0,180,7],[181,0,181,7],[182,0,182,8],[184,0,184,7],[185,0,185,6],[186,0,186,6],[187,0,187,8],[165,0,165,7],[166,0,166,2],[166,4,166,7],[167,0,167,7],[168,0,168,7]]}
["MINISTÉRIO DO DESENVOLVIMENTO REGIONAL - MDR"]
["COMPANHIA DE DESENVOLVIMENTO DOS VALES DO SÃO FRANCISCO E DO PARNAÍBA"]
["SEDE"]
["PLANILHA ORÇAMENTÁRIA DE ESTIMATIVA GERAL PARA O ESTADO DO CEARÁ",{"$nulls":6},"Base SINAPI-CE 03/2025       ORSE 02/2025"]
[{"$nulls":7},"Data: Maio/2025"]
["COMPOSIÇÕES DE PREÇO UNITÁRIO"]
[]
[" COMPOSIÇÃO DE PREÇO UNITÁRIO",{"$nulls":7},"CPU003"]
["DESCRIÇÃO DO SERVIÇO",{"$nulls":6},"DATA BASE: ","2024-07-01"]
["ADMINISTRAÇÃO LOCAL ",{"$nulls":6},"UNIDADE: ","mês"]
["MATERIAL"]
["BASE","CÓDIGO","DISCRIMINAÇÃO","UNI","QUANT.","PROD","P.UN.PROD","P.UN.IMPR","P.TOTAL"]
["MERCADO",null,"ALUGUEL","mês",1,null,null,800,{"$f":"E13*H13","v":800}]
["MERCADO",null,"TELEFONE E INTERNET","mês",1,null,null,99.9,99.9]
["MERCADO",null,"ENERGIA ELÉTRICA","kwh",200,null,null,0.53,106]
["MERCADO",null,"ÁGUA E ESGOTO","mês",1,null,null,100,100]
["MERCADO",null,"MATERIAL PARA ESCRITÓRIO","mês",1,null,null,150,150]
["MERCADO",null,"MATERIAL DE LIMPEZA","mês",1,null,null,50,50]
["SUB-TOTAL",{"$nulls":7},{"$f":"SUM(I13:I18)","v":1305.9000000000001}]
["MÃO DE OBRA"]
["BASE","CÓDIGO","DISCRIMINAÇÃO","UNI","QUANT.",null,null,"P.UNIT.","P.TOTAL"]
["MERCADO",null,"ENGENHEIRO DE OBRA ","mês",1,null,null,8483,{"$f":"E22*H22","v":8483}]
["MERCADO",null,"MESTRE DE OBRAS","mês",1,null,null,4515.12,{"$f":"E23*H23","v":4515.12}]
["MERCADO",null,"AUXILIAR DE ESCRITORIO COM ENCARGOS COMPLEMENTARES ","mês",1,null,null,1100,{"$f":"E24*H24","v":1100}]
["MERCADO",null,"TÉCNICO EM SEGURANÇA DO TRABALHO","h",44,null,null,27.26,{"$f":"E25*H25","v":1199.44}]
["MERCADO",null,"VIGIA","mês",1,null,null,1100,{"$f":"E26*H26","v":1100}]
["SUB-TOTAL",{"$nulls":7},{"$f":"SUM(I22:I26)","v":16397.559999999998}]
["PRODUÇÃO DA EQUIPE",null,null,1,"CUSTO ",null,null,null,{"$f":"I27+I19","v":17703.46}]
["TOTAL - R$",{"$nulls":7},{"$f":"I28/D28","v":17703.46}]
["BDI                %",{"$nulls":7},1]
["TOTAL DO SERVIÇO - R$",{"$nulls":7},{"$f":"I29*I30","v":17703.46}]
[]
[" COMPOSIÇÃO DE PREÇO UNITÁRIO",{"$nulls":7},"CPU001"]
["DESCRIÇÃO DO SERVIÇO",{"$nulls":6},"DATA BASE: ","2025-03-01"]
["EXECUÇÃO DE INSTALAÇÕES HIDROSSANITÁRIAS, EXCLUSIVE EQUIPAMENTOS",{"$nulls":6},"UNIDADE: ","cj"]
["MÃO DE OBRA"]
["BASE","CÓDIGO","DISCRIMINAÇÃO","UNI","QUANT.",null,null,"P.UNIT.","P.TOTAL"]
["SINAPI",88316,"SERVENTE DE OBRAS ","h",80,null,null,23.37,{"$f":"E38*H38","v":1869.6000000000001}]
["SINAPI",88309,"PEDREIRO","h",40,null,null,29.21,{"$f":"E39*H39","v":1168.4000000000001}]
["SUB-TOTAL",{"$nulls":7},{"$f":"SUM(I38:I39)","v":3038}]
["PRODUÇÃO DA EQUIPE",null,null,1,"CUSTO ",null,null,null,{"$f":"SUM(I40)","v":3038}]
["TOTAL - R$",{"$nulls":7},{"$f":"I41/D41","v":3038}]
["BDI                %",{"$nulls":7},1]
["TOTAL DO SERVIÇO - R$",{"$nulls":7},{"$f":"I42*I43","v":3038}]
[]
[" COMPOSIÇÃO DE PREÇO UNITÁRIO",{"$nulls":7},"CPU002"]
["DESCRIÇÃO DO SERVIÇO",{"$nulls":6},"DATA BASE: ","2025-03-01"]
["EXECUÇÃO DE INSTALAÇÕES ELÉTRICAS, EXCLUSIVE EQUIPAMENTOS",{"$nulls":6},"UNIDADE: ","cj"]
["MÃO DE OBRA"]
["BASE","CÓDIGO","DISCRIMINAÇÃO","UNI","QUANT.",null,null,"P.UNIT.","P.TOTAL"]
["SINAPI",88247,"AUXILIAR DE ELETRICISTA","h",80,null,null,24.99,{"$f":"E51*H51","v":1999.1999999999998}]
["SINAPI",88264,"ELETRICISTA","h",40,null,null,29.57,{"$f":"E52*H52","v":1182.8}]
["SUB-TOTAL",{"$nulls":7},{"$f":"SUM(I51:I52)","v":3182}]
["PRODUÇÃO DA EQUIPE",null,null,1,"CUSTO ",null,null,null,{"$f":"SUM(I53)","v":3182}]
["TOTAL - R$",{"$nulls":7},{"$f":"I54/D54","v":3182}]
["BDI                %",{"$nulls":7},1]
["TOTAL DO SERVIÇO - R$",{"$nulls":7},{"$f":"I55*I56","v":3182}]
[]
[" COMPOSIÇÃO DE PREÇO UNITÁRIO",{"$nulls":7},"CPU003"]
["DESCRIÇÃO DO SERVIÇO",{"$nulls":6},"DATA BASE: ","2025-03-01"]
["CORTE DE CONTAINER PARA ESQUADRIAS",{"$nulls":6},"UNIDADE: ","m²"]
["MATERIAL"]
["BASE","CÓDIGO","DISCRIMINAÇÃO","UNI","QUANT.",null,null,"P.UNIT.","P.TOTAL"]
["SINAPI",11359,"ESMERILHADEIRA ANGULAR ELETRICA, DIAMETRO DO DISCO 7 '' (180 MM), ROTACAO 8500RPM, POTENCIA 2400 W","un",7.0999999999999994E-2,null,null,1142.45,{"$f":"E64*H64","v":81.113950000000003}]
["SINAPI",44531,"DISCO DE CORTE DIAMANTADO SEGMENTADO DIAMETRO DE 180 MM PARA ESMERILHADEIRA 7 \"","un",1,null,null,92.78,{"$f":"E65*H65","v":92.78}]
["SUB-TOTAL",{"$nulls":7},{"$f":"SUM(I64:I65)","v":173.89395000000002}]
["MÃO DE OBRA"]
["BASE","CÓDIGO","DISCRIMINAÇÃO","UNI","QUANT.",null,null,"P.UNIT.","P.TOTAL"]
["SINAPI",88317,"SOLDADOR COM ENCARGOS COMPLEMENTARES ","h",0.5,null,null,29.95,{"$f":"E69*H69","v":14.975}]
["SINAPI",88315,"SERRALHEIRO COM ENCARGOS COMPLEMENTARES ","h",0.5,null,null,29.01,{"$f":"E70*H70","v":14.505000000000001}]
["SUB-TOTAL",{"$nulls":7},{"$f":"SUM(I69:I70)","v":29.48}]
["PRODUÇÃO DA EQUIPE",null,null,1,"CUSTO ",null,null,null,{"$f":"I71+I66","v":203.37395000000001}]
["TOTAL - R$",{"$nulls":7},{"$f":"I72/D72","v":203.37395000000001}]
["BDI                %",{"$nulls":7},1]
["TOTAL DO SERVIÇO - R$",{"$nulls":7},{"$f":"I73*I74","v":203.37395000000001}]
[]
[" COMPOSIÇÃO DE PREÇO UNITÁRIO",{"$nulls":7},"CPU010"]
["DESCRIÇÃO DO SERVIÇO",{"$nulls":6},"DATA BASE: ","2024-07-01"]
["FORNECIMENTO E MONTAGEM DE ESTRUTURA PARA COBERTURA COM ÁREA TOTAL DE 86,27 M² INCLUINDO CALHA E TELHA SANDUÍCHE",{"$nulls":6},"UNIDADE: ","cj"]
["MÃO DE OBRA"]
["BASE","CÓDIGO","DISCRIMINAÇÃO","UNI","QUANT.",null,null,"P.UNIT.","P.TOTAL"]
["COTAÇÃO",null,"FABRICAÇÃO E MONTAGEM DE ESTRUTURA METÁLICA PARA COBERTURA DE UNIDADE COM ÁREA TOTAL DE 86,26 M²","cj",1,null,null,24877.99,{"$f":"E82*H82","v":24877.99}]
["SUB-TOTAL",{"$nulls":7},{"$f":"SUM(I82:I82)","v":24877.99}]
["PRODUÇÃO DA EQUIPE",null,null,1,"CUSTO ",null,null,null,{"$f":"SUM(I83)","v":24877.99}]
["TOTAL - R$",{"$nulls":7},{"$f":"I84/D84","v":24877.99}]
["BDI                %",{"$nulls":7},1]
["TOTAL DO SERVIÇO - R$",{"$nulls":7},{"$f":"I85*I86","v":24877.99}]
[]
[" COMPOSIÇÃO DE PREÇO UNITÁRIO",{"$nulls":7},"CPU011"]
["DESCRIÇÃO DO SERVIÇO",{"$nulls":6},"DATA BASE: ","2024-07-01"]
["FORNECIMENTO E MONTAGEM DE ESTRUTURA PARA COBERTURA COM ÁREA TOTAL DE 137,9 M² INCLUINDO CALHA E TELHA SANDUÍCHE",{"$nulls":6},"UNIDADE: ","cj"]
["MÃO DE OBRA"]
["BASE","CÓDIGO","DISCRIMINAÇÃO","UNI","QUANT.",null,null,"P.UNIT.","P.TOTAL"]
["COTAÇÃO",null,"FABRICAÇÃO E MONTAGEM DE ESTRUTURA METÁLICA PARA COBERTURA DE UNIDADE COM ÁREA TOTAL DE 137,9 M²","cj",1,null,null,39043.9,{"$f":"E94*H94","v":39043.9}]
["SUB-TOTAL",{"$nulls":7},{"$f":"SUM(I94:I94)","v":39043.9}]
["PRODUÇÃO DA EQUIPE",null,null,1,"CUSTO ",null,null,null,{"$f":"SUM(I95)","v":39043.9}]
["TOTAL - R$",{"$nulls":7},{"$f":"I96/D96","v":39043.9}]
["BDI                %",{"$nulls":7},1]
["TOTAL DO SERVIÇO - R$",{"$nulls":7},{"$f":"I97*I98","v":39043.9}]
[]
[" COMPOSIÇÃO DE PREÇO UNITÁRIO",{"$nulls":7},"CPU004"]
["DESCRIÇÃO DO SERVIÇO",{"$nulls":6},"DATA BASE: ","2025-03-01"]
["MODIFICAÇÕES NO CONTAINER COM CORTE POR ESMERILHADEIRA ",{"$nulls":6},"UNIDADE: ","m"]
["MATERIAL"]
["BASE","CÓDIGO","DISCRIMINAÇÃO","UNI","QUANT.",null,null,"P.UNIT.","P.TOTAL"]
["SINAPI",11359,"ESMERILHADEIRA ANGULAR ELETRICA, DIAMETRO DO DISCO 7 '' (180 MM), ROTACAO 8500RPM, POTENCIA 2400 W","un",0.04,null,null,1142.45,{"$f":"E106*H106","v":45.698}]
["SINAPI",44531,"DISCO DE CORTE DIAMANTADO SEGMENTADO DIAMETRO DE 180 MM PARA ESMERILHADEIRA 7 \"","un",0.5,null,null,92.78,{"$f":"E107*H107","v":46.39}]
["SUB-TOTAL",{"$nulls":7},{"$f":"SUM(I106:I107)","v":92.087999999999994}]
["MÃO DE OBRA"]
["BASE","CÓDIGO","DISCRIMINAÇÃO","UNI","QUANT.",null,null,"P.UNIT.","P.TOTAL"]
["SINAPI",88317,"SOLDADOR COM ENCARGOS COMPLEMENTARES ","h",0.25,null,null,29.95,{"$f":"E111*H111","v":7.4874999999999998}]
["SINAPI",88315,"SERRALHEIRO COM ENCARGOS COMPLEMENTARES ","h",0.25,null,null,29.01,{"$f":"E112*H112","v":7.2525000000000004}]
["SUB-TOTAL",{"$nulls":7},{"$f":"SUM(I111:I112)","v":14.74}]
["PRODUÇÃO DA EQUIPE",null,null,1,"CUSTO ",null,null,null,{"$f":"I113+I108","v":106.82799999999999}]
["TOTAL - R$",{"$nulls":7},{"$f":"I114/D114","v":106.82799999999999}]
["BDI                %",{"$nulls":7},1]
["TOTAL DO SERVIÇO - R$",{"$nulls":7},{"$f":"I115*I116","v":106.82799999999999}]
[]
[" COMPOSIÇÃO DE PREÇO UNITÁRIO",{"$nulls":7},"CPU005"]
["DESCRIÇÃO DO SERVIÇO",{"$nulls":6},"DATA BASE: ","2025-03-01"]
["MODIFICAÇÕES NO CONTAINER UNIÃO ATRAVÉS DO PROCESSO DE SOLDAGEM, INCLUSO IÇAMENTO DO CONTAINER",{"$nulls":6},"UNIDADE: ","m"]
["EQUIPAMENTO"]
["BASE","CÓDIGO","DISCRIMINAÇÃO","UNI","QUANT.",null,null,"P.UNIT.","P.TOTAL"]
["SINAPI",92716,"APARELHO PARA CORTE E SOLDA OXI-ACETILENO SOBRE RODAS, INCLUSIVE CILINDROS E MAÇARICOS ","chp",0.18459999999999999,null,null,93.64,{"$f":"E124*H124","v":17.285943999999997}]
["SINAPI",92715,"APARELHO PARA CORTE E SOLDA OXI-ACETILENO SOBRE RODAS, INCLUSIVE CILINDROS E MAÇARICOS - MATERIAIS NA OPERAÇÃO. ","h",1.56,null,null,93.25,{"$f":"E125*H125","v":145.47}]
["SINAPI",5928,"GUINDAUTO HIDRÁULICO, CAPACIDADE MÁXIMA DE CARGA 6200 KG, MOMENTO MÁXIMO DE CARGA 11,7 TM, ALCANCE MÁXIMO HORIZONTAL 9,70 M, INCLUSIVE CAMINHÃO TOCO PBT 16.000 KG, POTÊNCIA DE 189 CV","chp",0.23880000000000001,null,null,297.49,{"$f":"E126*H126","v":71.04061200000001}]
["SUB-TOTAL",{"$nulls":7},{"$f":"SUM(I124:I126)","v":233.79655600000001}]
["SERVIÇOS - COMPOSIÇÕES AUXILIARES"]
["BASE","CÓDIGO","DISCRIMINAÇÃO","UNI","QUANT.",null,null,"P.UNIT.","P.TOTAL"]
["SINAPI",98746,"SOLDA DE TOPO EM CHAPA/PERFIL/TUBO DE AÇO CHANFRADO, ESPESSURA=1/4''. ","m",1,null,null,76.569999999999993,{"$f":"E130*H130","v":76.569999999999993}]
["SUB-TOTAL",{"$nulls":7},{"$f":"SUM(I130:I130)","v":76.569999999999993}]
["MÃO DE OBRA"]
["BASE","CÓDIGO","DISCRIMINAÇÃO","UNI","QUANT.",null,null,"P.UNIT.","P.TOTAL"]
["SINAPI",88317,"SOLDADOR COM ENCARGOS COMPLEMENTARES ","h",1.56,null,null,29.95,{"$f":"E134*H134","v":46.722000000000001}]
["SUB-TOTAL",{"$nulls":7},{"$f":"SUM(I134:I134)","v":46.722000000000001}]
["PRODUÇÃO DA EQUIPE",null,null,1,"CUSTO ",null,null,null,{"$f":"I135+I127+I131","v":357.08855599999998}]
["TOTAL - R$",{"$nulls":7},{"$f":"I136/D136","v":357.08855599999998}]
["BDI                %",{"$nulls":7},1]
["TOTAL DO SERVIÇO - R$",{"$nulls":7},{"$f":"I137*I138","v":357.08855599999998}]
[]
[" COMPOSIÇÃO DE PREÇO UNITÁRIO",{"$nulls":7},"CPU006"]
["DESCRIÇÃO DO SERVIÇO",{"$nulls":6},"DATA BASE: ","2025-03-01"]
["REVESTIMENTO DE PAREDES EM CHAPAS DE AÇO INOXIDÁVEL AISI 304 - CONSIDERANDO CHAPA DE 1,2mm",{"$nulls":6},"UNIDADE: ","M²"]
["MATERIAL"]
["BASE","CÓDIGO","DISCRIMINAÇÃO","UNI","QUANT.",null,null,"P.UNIT.","P.TOTAL"]
["COTAÇÃO",null,"CHAPAS DE AÇO INOXIDÁVEL AISI 304","KG",9.6,null,null,34,{"$f":"E146*H146","v":326.39999999999998}]
["SINAPI",131,"ADESIVO ESTRUTURAL A BASE DE RESINA EPOXI, BICOMPONENTE, PASTOSO (TIXOTROPICO)","KG",0.6,null,null,65.66,{"$f":"E147*H147","v":39.395999999999994}]
["SUB-TOTAL",{"$nulls":7},{"$f":"SUM(I146:I147)","v":365.79599999999999}]
["TOTAL - R$",{"$nulls":7},{"$f":"I148","v":365.79599999999999}]
["BDI                %",{"$nulls":7},1]
["TOTAL DO SERVIÇO - R$",{"$nulls":7},{"$f":"I149*I150","v":365.79599999999999}]
[]
[" COMPOSIÇÃO DE PREÇO UNITÁRIO",{"$nulls":7},"CPU007"]
["DESCRIÇÃO DO SERVIÇO",{"$nulls":6},"DATA BASE: ","2025-03-01"]
["REVESTIMENTO CERÂMICO PARA PISO COM PLACAS TIPO ESMALTADA DE DIMENSÕES 45x45cm COM ARGAMASSA AC III",{"$nulls":6},"UNIDADE: ","m²"]
["MATERIAL"]
["BASE","CÓDIGO","DISCRIMINAÇÃO","UNI","QUANT.",null,null,"P.UNIT.","P.TOTAL"]
["Sinapi",37596,"ARGAMASSA COLANTE TIPO AC III E","KG",9.1325000000000003,null,null,3.77,{"$f":"E158*H158","v":34.429524999999998}]
["Sinapi",1287,"PISO EM CERAMICA ESMALTADA EXTRA, COR LISA, PEI MAIOR OU IGUAL A 4, FORMATO MENOR OU IGUAL A 5 CM2","m²",1.1135999999999999,null,null,38.74,{"$f":"E159*H159","v":43.140864000000001}]
["Sinapi",34357,"REJUNTE CIMENTÍCIO, QUALQUER COR","KG",0.188,null,null,6.28,{"$f":"E160*H160","v":1.1806400000000001}]
["SUB-TOTAL",{"$nulls":7},{"$f":"SUM(I158:I160)","v":78.751029000000003}]
["MÃO DE OBRA"]
["BASE","CÓDIGO","DISCRIMINAÇÃO","UNI","QUANT.",null,null,"P.UNIT.","P.TOTAL"]
["SINAPI",88317,"SOLDADOR COM ENCARGOS COMPLEMENTARES ","h",0.80640000000000001,null,null,29.95,{"$f":"E164*H164","v":24.151679999999999}]
["SINAPI",88316,"SERVENTE COM ENCARGOS COMPLEMENTARES","h",0.20680000000000001,null,null,23.37,{"$f":"E165*H165","v":4.8329160000000009}]
["SUB-TOTAL",{"$nulls":7},{"$f":"SUM(I164:I165)","v":28.984596}]
["PRODUÇÃO DA EQUIPE",null,null,1,"CUSTO ",null,null,null,{"$f":"I166+I161","v":107.735625}]
["TOTAL - R$",{"$nulls":7},{"$f":"I167/D167","v":107.735625}]
["BDI                %",{"$nulls":7},1]
["TOTAL DO SERVIÇO - R$",{"$nulls":7},{"$f":"I168*I169","v":107.735625}]
[]
[]
[" COMPOSIÇÃO DE PREÇO UNITÁRIO",{"$nulls":7},"CPU008"]
["DESCRIÇÃO DO SERVIÇO",{"$nulls":6},"DATA BASE: ","2025-03-01"]
["CHAPA XADREZ EM ALUMINIO PARA PISO e:3mm, INCLUSO REBITE PARA FIXAÇÃO   - MATERIAL",{"$nulls":6},"UNIDADE: ","m"]
["MATERIAL"]
["BASE","CÓDIGO","DISCRIMINAÇÃO","UNI","QUANT.",null,null,"P.UNIT.","P.TOTAL"]
["SINAPI",1337,"CHAPA DE ACO XADREZ PARA PISOS, E = 1/4\" (6,30 MM) 54,53 KG/M2","kg",38,null,null,10.57,{"$f":"E178*H178","v":401.66}]
["SINAPI",10997,"ELETRODO REVESTIDO AWS - E7018, DIAMETRO IGUAL A 4,00 MM","Kg",2.88,null,null,48.28,{"$f":"E179*H179","v":139.04640000000001}]
["SUB-TOTAL",{"$nulls":7},{"$f":"SUM(I178:I179)","v":540.70640000000003}]
["BDI                %",{"$nulls":7},1]
["TOTAL DO SERVIÇO - R$",{"$nulls":7},{"$f":"I180","v":540.70640000000003}]
[]
[]
[" COMPOSIÇÃO DE PREÇO UNITÁRIO",{"$nulls":7},"CPU009"]
["DESCRIÇÃO DO SERVIÇO",{"$nulls":6},"DATA BASE: ","2025-03-01"]
["CHAPA XADREZ EM ALUMINIO PARA PISO e:3mm, INCLUSO REBITE PARA FIXAÇÃO   -  MÃO DE OBRA",{"$nulls":6},"UNIDADE: ","m"]
["MÃO DE OBRA"]
["BASE","CÓDIGO","DISCRIMINAÇÃO","UNI","QUANT.",null,null,"P.UNIT.","P.TOTAL"]
["SINAPI",88315,"SERRALHEIRO COM ENCARGOS COMPLEMENTARES ","h",8.99,null,null,29.01,{"$f":"E190*H190","v":260.79990000000004}]
["SINAPI",88316,"SERVENTE COM ENCARGOS COMPLEMENTARES","H",6.42,null,null,23.37,{"$f":"E191*H191","v":150.03540000000001}]
["SUB-TOTAL",{"$nulls":7},{"$f":"SUM(I190:I191)","v":410.83530000000007}]
["PRODUÇÃO DA EQUIPE",null,null,1,"CUSTO ",null,null,null,{"$f":"I192","v":410.83530000000007}]
["TOTAL - R$",{"$nulls":7},{"$f":"I193/D193","v":410.83530000000007}]
["BDI                %",{"$nulls":7},1]
["TOTAL DO SERVIÇO - R$",{"$nulls":7},{"$f":"I194*I195","v":410.83530000000007}]
[]
[]
[" COMPOSIÇÃO DE PREÇO UNITÁRIO",{"$nulls":7},"CPU0010"]
["DESCRIÇÃO DO SERVIÇO",{"$nulls":6},"DATA BASE: ","2025-03-01"]
["REVESTIMENTO DE PAREDES EM CHAPAS DE AÇO INOXIDÁVEL AISI 304 - CONSIDERANDO CHAPA DE 1,2mm",{"$nulls":6},"UNIDADE: ","M²"]
["APENAS MÃO DE OBRA"]
["BASE","CÓDIGO","DISCRIMINAÇÃO","UNI","QUANT.",null,null,"P.UNIT.","P.TOTAL"]
["SINAPI",88317,"SOLDADOR COM ENCARGOS COMPLEMENTARES ","h",0.8,null,null,29.95,{"$f":"E204*H204","v":23.96}]
["SINAPI",88315,"SERRALHEIRO COM ENCARGOS COMPLEMENTARES ","h",0.8,null,null,29.01,{"$f":"E205*H205","v":23.208000000000002}]
["SUB-TOTAL",{"$nulls":7},{"$f":"SUM(I204:I205)","v":47.168000000000006}]
["PRODUÇÃO DA EQUIPE",null,null,1,"CUSTO ",null,null,null,{"$f":"I206*D207","v":47.168000000000006}]
["TOTAL - R$",{"$nulls":7},{"$f":"I207/D207","v":47.168000000000006}]
["BDI                %",{"$nulls":7},1]
["TOTAL DO SERVIÇO - R$",{"$nulls":7},{"$f":"I208*I209","v":47.168000000000006}]
[]
[]
[" COMPOSIÇÃO DE PREÇO UNITÁRIO",{"$nulls":7},"CPU011"]
["DESCRIÇÃO DO SERVIÇO",{"$nulls":6},"DATA BASE: ","2025-03-01"]
["GUARDA-CORPO DE AÇO CARBONO, MONTANTES TUBULARES DE 1.1/2\" ESPAÇADOS EM 0,75M, ALTURA APROXIMADA DE 0,90M, PREPARADO COM FUNDO E TINTA EPÓXI NA COR AMARELA",{"$nulls":6},"UNIDADE: ","m"]
["MATERIAL"]
["BASE","CÓDIGO","DISCRIMINAÇÃO","UNI","QUANT.",null,null,"P.UNIT.","P.TOTAL"]
["SINAPI",1332,"CHAPA DE ACO GROSSA, ASTM A36, E = 3/8 \" (9,53 MM) 74,69 KG/M2","KG","0,8960000",null,null,9.4,{"$f":"E218*H218","v":8.4223999999999997}]
["SINAPI",11002,"ELETRODO REVESTIDO AWS - E6013, DIAMETRO IGUAL A 2,50 MM","KG","0,0650000",null,null,46.36,3.0133999999999999]
["SINAPI",11964,"PARAFUSO DE ACO TIPO CHUMBADOR PARABOLT, DIAMETRO 3/8\", COMPRIMENTO 75 MM","UN","3,3330000",null,null,3.03,{"$f":"E220*H220","v":10.098990000000001}]
["SINAPI",21001,"TUBO ACO CARBONO COM COSTURA, NBR 5580, CLASSE L, DN = 25 MM, E = 2,65 MM, 2,02 KG/M","M",1.0417000000000001,null,null,17.39,18.115163000000003]
["SINAPI",21003,"TUBO ACO CARBONO COM COSTURA, NBR 5580, CLASSE L, DN = 40 MM, E = 3,0 MM, 3,34 KG/M","M",3.0250000000000004,null,null,28.57,86.424250000000015]
["SINAPI",100719,"PINTURA COM TINTA ALQUÍDICA DE FUNDO (TIPO ZARCÃO) PULVERIZADA SOBRE PERFIL METÁLICO EXECUTADO EM FÁBRICA (POR DEMÃO). AF_01/2020_PE","M2",1.1000000000000001,null,null,10.75,11.825000000000001]
["SINAPI",100729,"PINTURA COM TINTA EPOXÍDICA DE ACABAMENTO PULVERIZADA SOBRE PERFIL METÁLICO EXECUTADO EM FÁBRICA (POR DEMÃO). AF_01/2020_PE","M2",1.1000000000000001,null,null,19.579999999999998,21.538]
["SUB-TOTAL",{"$nulls":7},{"$f":"SUM(I218:I224)","v":159.43720300000001}]
["MÃO DE OBRA"]
["BASE","CÓDIGO","DISCRIMINAÇÃO","UNI","QUANT.",null,null,"P.UNIT.","P.TOTAL"]
["SINAPI",88251,"AUXILIAR DE SERRALHEIRO COM ENCARGOS COMPLEMENTARES","H",8,null,null,24.55,{"$f":"H228*E228","v":196.4}]
["SINAPI",88315,"SERRALHEIRO COM ENCARGOS COMPLEMENTARES","H",5.333333333333333,null,null,29.01,{"$f":"H229*E229","v":154.72}]
["SUB-TOTAL",{"$nulls":7},{"$f":"SUM(I228:I229)","v":351.12}]
["PRODUÇÃO DA EQUIPE",null,null,1,"CUSTO ",null,null,null,{"$f":"I230+I225","v":510.55720300000002}]
["TOTAL - R$",{"$nulls":7},{"$f":"I231/D231","v":510.55720300000002}]
["BDI                %",{"$nulls":7},1]
["TOTAL DO SERVIÇO - R$",{"$nulls":7},{"$f":"I232*I233","v":510.55720300000002}]
[]
[" COMPOSIÇÃO DE PREÇO UNITÁRIO",{"$nulls":7},"CPU012"]
["DESCRIÇÃO DO SERVIÇO",{"$nulls":6},"DATA BASE: ","2025-03-01"]
["FORNECIMENTO DE CONTAINER DRY BOX 20 PÉS 6,1X2,21X2,6 (COMPXLARGXALTU)",{"$nulls":6},"UNIDADE: ","un"]
["MATERIAL"]
["BASE","CÓDIGO","DISCRIMINAÇÃO","UNI","QUANT.",null,null,"P.UNIT.","P.TOTAL"]
["COTAÇÃO","-","CONTAINER DRY BOX 20 PÉS 6,1X2,21X2,6 (COMPXLARGXALTU)","un",1,null,null,19863,{"$f":"E241*H241","v":19863}]
["COTAÇÃO","-","FRETE DE CONTAINER TIPO CIF","un",1,null,null,null,{"$f":"E242*H242","v":0}]
["SUB-TOTAL",{"$nulls":7},{"$f":"SUM(I241:I242)","v":19863}]
["MÃO DE OBRA"]
["BASE","CÓDIGO","DISCRIMINAÇÃO","UNI","QUANT.",null,null,"P.UNIT.","P.TOTAL"]
["-","-","-","-","-",null,null,"-","-"]
["SUB-TOTAL",{"$nulls":7},{"$f":"SUM(I246:I246)","v":0}]
["PRODUÇÃO DA EQUIPE",null,null,1,"CUSTO ",null,null,null,{"$f":"I247+I243","v":19863}]
["TOTAL - R$",{"$nulls":7},{"$f":"I248/D248","v":19863}]
["BDI                %",{"$nulls":7},1]
["TOTAL DO SERVIÇO - R$",{"$nulls":7},{"$f":"I249*I250","v":19863}]
[]
[" COMPOSIÇÃO DE PREÇO UNITÁRIO",{"$nulls":7},"CPU012"]
["DESCRIÇÃO DO SERVIÇO",{"$nulls":6},"DATA BASE: ","2025-03-01"]
["FORNECIMENTO DE CONTAINER HIGH CUBE 40 PÉS 12,2X2,3X2,9 (COMPXLARGXALTU)",{"$nulls":6},"UNIDADE: ","un"]
["MATERIAL"]
["BASE","CÓDIGO","DISCRIMINAÇÃO","UNI","QUANT.",null,null,"P.UNIT.","P.TOTAL"]
["COTAÇÃO","-","CONTAINER HIGH CUBE 40 PÉS 12,2X2,3X2,9 (COMPXLARGXALTU)","un",1,null,null,20992,{"$f":"E258*H258","v":20992}]
["COTAÇÃO","-","FRETE DE CONTAINER TIPO CIF","un",1,null,null,null,{"$f":"E259*H259","v":0}]
["SUB-TOTAL",{"$nulls":7},{"$f":"SUM(I258:I259)","v":20992}]
["MÃO DE OBRA"]
["BASE","CÓDIGO","DISCRIMINAÇÃO","UNI","QUANT.",null,null,"P.UNIT.","P.TOTAL"]
["-","-","-","-","-",null,null,"-","-"]
["SUB-TOTAL",{"$nulls":7},{"$f":"SUM(I263:I263)","v":0}]
["PRODUÇÃO DA EQUIPE",null,null,1,"CUSTO ",null,null,null,{"$f":"I264+I260","v":20992}]
["TOTAL - R$",{"$nulls":7},{"$f":"I265/D265","v":20992}]
["BDI                %",{"$nulls":7},1]
["TOTAL DO SERVIÇO - R$",{"$nulls":7},{"$f":"I266*I267","v":20992}]
[]
[" COMPOSIÇÃO DE PREÇO UNITÁRIO",{"$nulls":7},"CPU013"]
["DESCRIÇÃO DO SERVIÇO",{"$nulls":6},"DATA BASE: ","2025-03-01"]
["FORNECIMENTO E INSTALAÇÃO DE SUPORTE PARA CAIXA D'ÁGUA EM METALON",{"$nulls":6},"UNIDADE: ","un"]
["MATERIAL"]
["BASE","CÓDIGO","DISCRIMINAÇÃO","UNI","QUANT.",null,null,"P.UNIT.","P.TOTAL"]
["ORSE","08851/ORSE","Tubo industrial, em aço, quadrado, dim 50 x 50 mm, e=2,00mm, 4,476 kg/m","m",{"$f":"5.4*1.1","v":5.9400000000000013},null,null,80.040000000000006,{"$f":"E275*H275","v":475.43760000000015}]
["ORSE","03664/ORSE","Chapa aço fina preta lisa nº14, e=2,00mm (16,0 kg/m2)","m2",{"$f":"2.427*1.075*1.1","v":2.8699275000000002},null,null,142.56,{"$f":"E276*H276","v":409.13686440000004}]
["SINAPI",100719,"PINTURA COM TINTA ALQUÍDICA DE FUNDO (TIPO ZARCÃO) PULVERIZADA SOBRE PERFIL METÁLICO EXECUTADO EM FÁBRICA (POR DEMÃO). AF_01/2020_PE","m2",{"$f":"SUM(E278,E275)*2","v":22.558800000000005},null,null,10.75,{"$f":"E277*H277","v":242.50710000000007}]
["ORSE","13120/ORSE","Perfil Aço, UDC Enrijecido 75 x 40 x 3,43(kg/m) - SAE 1008/1012","kg",{"$f":"2.427*2*1.1","v":5.3394000000000004},null,null,15.4,{"$f":"E278*H278","v":82.226760000000013}]
["SUB-TOTAL",{"$nulls":7},{"$f":"SUM(I275:I278)","v":1209.3083244000002}]
["MÃO DE OBRA"]
["BASE","CÓDIGO","DISCRIMINAÇÃO","UNI","QUANT.",null,null,"P.UNIT.","P.TOTAL"]
["SINAPI",88251,"AUXILIAR DE SERRALHEIRO COM ENCARGOS COMPLEMENTARES","H",{"$f":"20*2","v":40},null,null,24.55,{"$f":"H282*E282","v":982}]
["SINAPI","88315","SERRALHEIRO COM ENCARGOS COMPLEMENTARES","H",{"$f":"20*2","v":40},null,null,29.01,{"$f":"H283*E283","v":1160.4000000000001}]
["SUB-TOTAL",{"$nulls":7},{"$f":"SUM(I282:I283)","v":2142.4}]
["PRODUÇÃO DA EQUIPE",null,null,1,"CUSTO ",null,null,null,{"$f":"I284+I279","v":3351.7083244000005}]
["TOTAL - R$",{"$nulls":7},{"$f":"I285/D285","v":3351.7083244000005}]
["BDI                %",{"$nulls":7},1]
["TOTAL DO SERVIÇO - R$",{"$nulls":7},{"$f":"I286*I287","v":3351.7083244000005}]